{"text_format":"2","workbook":"xlsx","n_sheets":16,"sheets":["PFP","PFP1.1_Topo","PFP1.2_Geo","PFP2.1_FatorKa","PFP2.2_FatorKb","PFP2.3_FatorKc","PFP3_FatorKd","CRO1_Ins-Pro","CRO2_Ins-Mes","CPU VEICULO_PickUp","CPU VEICULO_Leve","CPU HOSPEDAGEM","Serv Graficos","Cotação Voos","MOD_DNIT_JUL_2024","COT. VANT"],"not_rendered":{"charts":0,"images":30,"macros":0,"external_links":51,"defined_names":20487,"comments":1,"pivot_tables":0},"unopened":[],"bounds":{"document_bytes":16777216,"sheet_cells":100000,"run_cost":"one","rows_first":2000,"rows_last":500,"rows_between":2000,"halvings":0,"cell_chars":16384,"cell_head_chars":4096},"cells_cut":0,"cells_raw":0,"read":"whole","date_system":"1900"}

{"sheet":"PFP","index":0,"n_rows":48,"n_cols":16,"rows_kept":48,"cut":false,"hidden":false,"merged":[[27,8,27,11],[27,0,27,7],[26,8,26,11],[26,0,26,7],[34,0,34,11],[28,0,28,7],[28,8,28,11],[31,0,31,11],[30,0,30,11],[42,0,42,11],[35,0,35,11],[37,0,37,11],[29,0,29,11],[36,0,36,11],[32,0,32,11],[38,0,38,11],[39,0,39,11],[40,0,40,11],[41,0,41,11],[33,0,33,11],[0,0,1,9],[4,6,4,9],[0,10,0,11],[1,10,1,11],[4,10,4,11],[2,0,2,11],[3,0,3,11],[4,0,4,5],[5,10,5,11],[5,6,5,9],[25,0,25,7],[25,8,25,11],[5,0,5,5],[24,0,24,7],[24,8,24,11],[6,15,6,18],[7,15,7,18],[8,15,8,18],[9,15,9,18],[10,15,10,18],[11,15,11,18],[12,15,12,18],[13,15,13,18],[14,15,14,18],[15,15,15,18],[20,15,20,18],[21,15,21,18],[22,15,22,18],[23,15,23,18],[16,15,16,22]]}
["PROPOSTA FINANCEIRA DO PROJETO",{"$nulls":9},"CODIGO:"]
[{"$nulls":10},"PFP"]
["NOME DA CONSULTORA:"]
[]
["PROJETO:",{"$nulls":5},"CONTRATANTE:",null,null,null,"BASE:"]
["Atualização do projeto executivo da Barragem de Extrema, localizada no ribeirão Extrema, no município de São João D’Aliança-GO",{"$nulls":5},"CODEVASF (SEDE)",null,null,null,"2024-11-01"]
["Base","Cod2","Cod3","Código","Categoria / Insumo","Uni","Qde","CUD","PU","FatorK","CT","PT","Encargos COMP E ADICIONAIS","SOCIAIS","TOTAIS","Encargos COMPLEMENTARES e ADICIONAIS"]
["SICRO","MO3","P0","P8061","Engenheiro coordenador (P8061)","mês",{"$f":"'CRO1_Ins-Pro'!D5","v":4},{"$f":"VLOOKUP(D8,MOD_DNIT_JUL_2024!A:Z,4,0)","v":18189.93},{"$f":"ROUND(J8*H8,2)","v":23652.37},{"$f":"'PFP2.3_FatorKc'!E35","v":1.3003},{"$f":"ROUND(G8*H8,2)","v":72759.72},{"$f":"ROUND(G8*I8,2)","v":94609.48},{"$f":"O8-N8","v":1026.8900000000012},13451.98,14478.87,{"$f":"VLOOKUP(D8,MOD_DNIT_JUL_2024!A:Z,26,0)","v":1069.489999999998}]
["SICRO","MO2","P1","P8067","Engenheiro sênior (P8067)","mês",{"$f":"'CRO1_Ins-Pro'!D6","v":7},{"$f":"VLOOKUP(D9,MOD_DNIT_JUL_2024!A:Z,4,0)","v":15877.29},24514.54,{"$f":"'PFP2.2_FatorKb'!$E$35","v":1.544},111141.03,171601.78,1030.1900000000005,11533.74,12563.93,{"$f":"VLOOKUP(D9,MOD_DNIT_JUL_2024!A:Z,26,0)","v":1071.7099999999991}]
["SICRO","MO1","P2","P8066","Engenheiro pleno (P8066)","mês",{"$f":"'CRO1_Ins-Pro'!D7","v":14},{"$f":"VLOOKUP(D10,MOD_DNIT_JUL_2024!A:Z,4,0)","v":12629.6},{"$f":"ROUND(J10*H10,2)","v":26770.959999999999},{"$f":"'PFP2.1_FatorKa'!$E$36","v":2.1196999999999999},176814.4,374793.44,1030.1899999999987,8980.3700000000008,10010.56,{"$f":"VLOOKUP(D10,MOD_DNIT_JUL_2024!A:Z,26,0)","v":1071.7099999999991}]
["SICRO","MO1","P3","P8065","Engenheiro júnior (P8065)","mês",{"$f":"'CRO1_Ins-Pro'!D8","v":18},{"$f":"VLOOKUP(D11,MOD_DNIT_JUL_2024!A:Z,4,0)","v":12002},{"$f":"ROUND(J11*H11,2)","v":25440.639999999999},{"$f":"'PFP2.1_FatorKa'!$E$36","v":2.1196999999999999},216036,457931.52000000002,1030.1899999999987,8799.3700000000008,9829.56,{"$f":"VLOOKUP(D11,MOD_DNIT_JUL_2024!A:Z,26,0)","v":1071.7000000000007}]
["SICRO","MO1","T1","P8147","Técnico de projetos/obra (P8147)","mês",{"$f":"'CRO1_Ins-Pro'!D9","v":6},{"$f":"VLOOKUP(D12,MOD_DNIT_JUL_2024!A:Z,4,0)","v":3184.9},6751.03,{"$f":"'PFP2.1_FatorKa'!$E$36","v":2.1196999999999999},19109.400000000001,40506.18,1070.1799999999998,2450.48,3520.66,{"$f":"VLOOKUP(D12,MOD_DNIT_JUL_2024!A:Z,26,0)","v":1102.5300000000002}]
["SINAPI","MO1","D",40807,"Desenhista (40807)**","mês",{"$f":"'CRO1_Ins-Pro'!D10","v":2.5},2454.27,2990.53,{"$f":"PFP3_FatorKd!E17","v":1.2184999999999999},6135.68,7476.33,1070.1799999999998,2450.48,3520.66,{"$f":"P14","v":1103.2599999999993}]
["SICRO","MO1","A1","P8135","Secretária (P8135)","mês",{"$f":"'CRO1_Ins-Pro'!D11","v":2.5},{"$f":"VLOOKUP(D14,MOD_DNIT_JUL_2024!A:Z,4,0)","v":2697.38},{"$f":"ROUND(J14*H14,2)","v":5717.64},{"$f":"'PFP2.1_FatorKa'!$E$36","v":2.1196999999999999},6743.45,{"$f":"ROUND(G14*I14,2)","v":14294.1},1068.97,1887.43,2956.4,{"$f":"VLOOKUP(D14,MOD_DNIT_JUL_2024!A:Z,26,0)","v":1103.2599999999993}]
["SICRO","EC","ECA",null,"Encargos Comp. e Adicionais","mês",{"$f":"'CRO1_Ins-Pro'!D12","v":21},{"$f":"(G8*P8+G9*P9+G10*P10+G11*P11+G12*P12+G13*P13+G14*P14)/G15","v":2771.7119047619044},3377.33,{"$f":"PFP3_FatorKd!$E$17","v":1.2184999999999999},58205.95,{"$f":"ROUND(G15*I15,2)","v":70923.929999999993}]
["PROP","EC","AT2",null,"Auxilio Transporte Técnicos","mês",{"$f":"'CRO1_Ins-Pro'!D13","v":6},"Já incluso*",0,{"$f":"PFP3_FatorKd!$E$17","v":1.2184999999999999},0,{"$f":"ROUND(G16*I16,2)","v":0},null,null,null,"OBSERVAÇÃO:"]
["PROP","EC","AT3",null,"Auxilio Transporte Secretária","mês",{"$f":"'CRO1_Ins-Pro'!D14","v":2.5},"Já Incluso*",0,{"$f":"PFP3_FatorKd!$E$17","v":1.2184999999999999},0,{"$f":"ROUND(G17*I17,2)","v":0},null,null,null,"** A mão de obra do SINAPI já possui encargos sociais. Logo, deve-se usar o \"fator K\" sem encargos."]
["CODE","LO","V1",null,"Diárias","dia",10,{"$f":"'CPU HOSPEDAGEM'!C19","v":194.96030303030301},{"$f":"ROUND(J18*H18,2)","v":237.56},{"$f":"PFP3_FatorKd!E17","v":1.2184999999999999},{"$f":"G18*H18","v":1949.6030303030302},{"$f":"G18*I18","v":2375.6}]
["PROP","LO","V2",null,"Pick-up Cab.dupla 2.8 4x4 Diesel","dia",10,{"$f":"'CPU VEICULO_PickUp'!D8","v":295.96356012633373},{"$f":"ROUND(J19*H19,2)","v":360.63},{"$f":"PFP3_FatorKd!E17","v":1.2184999999999999},{"$f":"G19*H19","v":2959.6356012633373},{"$f":"G19*I19","v":3606.3}]
["PROP","LO","V3",null,"Passagens Aéreas (ida e volta)","um",5,{"$f":"'Cotação Voos'!C106","v":1164.75},{"$f":"ROUND(J20*H20,2)","v":1419.25},{"$f":"PFP3_FatorKd!E17","v":1.2184999999999999},{"$f":"G20*H20","v":5823.75},{"$f":"G20*I20","v":7096.25}]
["CODE","EM","M1",null,"Relatório Parcial","un",{"$f":"'CRO1_Ins-Pro'!D15","v":14},{"$f":"'Serv Graficos'!E33","v":51.3},62.51,{"$f":"PFP3_FatorKd!$E$17","v":1.2184999999999999},{"$f":"ROUND(G21*H21,2)","v":718.2},{"$f":"ROUND(G21*I21,2)","v":875.14}]
["CODE","EM","M2",null,"Relatório Final","un",{"$f":"'CRO1_Ins-Pro'!D16","v":1},{"$f":"'Serv Graficos'!E35","v":1502.05},1830.25,{"$f":"PFP3_FatorKd!$E$17","v":1.2184999999999999},{"$f":"ROUND(G22*H22,2)","v":1502.05},{"$f":"ROUND(G22*I22,2)","v":1830.25}]
["CODE","SU","TOP",null,"Total Serviços Cartográficos","un",{"$f":"'CRO1_Ins-Pro'!D17","v":1},"-",{"$f":"'PFP1.1_Topo'!J20","v":111268.32373528354},"-","-",{"$f":"ROUND(G23*I23,2)","v":111268.32}]
["CODE","SU","GEO",null,"Total Serviços Geotécnicos","un",{"$f":"'CRO1_Ins-Pro'!D18","v":1},"-",{"$f":"'PFP1.2_Geo'!J60","v":666425.72444738436},"-","-",{"$f":"ROUND(G24*I24,2)","v":666425.72}]
["TOTAL DOS CUSTOS DIRETOS",{"$nulls":7},{"$f":"SUM(K8:K24)","v":679898.86863156641}]
["TOTAL DOS ENCARGOS E DISPESAS DIVERSAS",{"$nulls":7},{"$f":"I27-I25","v":568021.43136843364}]
["TOTAL DA PROPOSTA A PREÇO GLOBAL",{"$nulls":7},{"$f":"SUM(L8:L22)","v":1247920.3}]
["TOTAL DA PROPOSTA A PREÇO UNITÁRIO",{"$nulls":7},{"$f":"SUM(L23:L24)","v":777694.04}]
["TOTAL DA PROPOSTA",{"$nulls":7},{"$f":"I27+I28","v":2025614.34}]
["OBSERVAÇÃO:"]
["*Encargos Complementares e adicionais já incluem auxílio transporte"]
["Alocar os Insumos MO, com respectivo FatorK, dentro da categoria de vínculo contratual (celetista, autonomo, societario)"]
["Uni - unidade de medição do insumo;"]
["Qde - Quantidade do Insumo (não pode ocorrer alteração pela Licitante)"]
["CUD - Custo Unitário Direto do Insumo (sem encargos, taxas e impostos, valor não pode ser maior que o Orçado pela Codevasf)"]
["CT - Custo Total (sem encargos, taxas e impostos) - CT = Qde x CUD"]
["FatorK - Taxa de Ressarcimento de Despesas e Encargos (detalhar composição nas Planilhas \"PFP2.1\", \"PFP2.2\", \"PFP3\")"]
["PU - Preço Unitário do Insumo (incluído encargos, taxas e impostos) - PU = CUD x FatorK"]
["PT - Preço Total do Insumo (incluído encargos, taxas e impostos) - PT = Qde x PU"]
["P - Profissionais nível superior nas áreas de Engenharia, Química, Arquitetura, Agronomia e Veterinária, conforme disposições da Lei 4.950-A/66"]
["S - Profissionais de nível superior nas demais áreas de atuação, incluindo Arqueólogo, Biólogo, Geógrafo e Sociólogo"]
["T - Profissionais de nível médio técnico nas diversas áreas de atuação"]
["A - Profissionais de nível médio de apoio técnico-administrativo"]
[]
["Observações: "]
["1- Sistemas oficiais de referência de preços utilizados"]
["Tabela Consultiva do DNIT-Out/2022."]
["SINAPI/GO - 11/2022"]

{"sheet":"PFP1.1_Topo","index":1,"n_rows":27,"n_cols":14,"rows_kept":27,"cut":false,"hidden":false,"merged":[[3,11,3,13],[22,11,23,13],[24,11,24,12],[25,0,25,9],[24,0,24,9],[5,0,5,5],[5,6,5,7],[19,0,19,7],[20,0,20,9],[21,0,21,9],[22,0,22,9],[23,0,23,9],[26,0,26,9],[0,0,1,7],[2,0,2,9],[3,0,3,9],[4,0,4,5],[4,6,4,7]]}
["SERVIÇOS TOPOGRÁFICOS/CARTOGRÁFICOS",{"$nulls":8},"CODIGO:"]
[{"$nulls":9},"PFP-1.1"]
["NOME DA EMPRESA:"]
[{"$nulls":11},"MEMÓRIA DE CALCULO DO BDI DE FORNECIMENTO"]
["PROJETO:",{"$nulls":5},"CONTRATANTE:",null,null,{"$f":"PFP!K5","v":"BASE:"},null,"ITEM","DISCRIMINAÇÃO","PERC.    (%)"]
[{"$f":"PFP!A6","v":"Atualização do projeto executivo da Barragem de Extrema, localizada no ribeirão Extrema, no município de São João D’Aliança-GO"},{"$nulls":5},"CODEVASF (SEDE)",null,null,{"$f":"PFP!K6","v":"2024-11-01"}]
["Cod.","Base","Referência","CÓDIGO","Insumos","Uni","Qde","Custo Unitário (PU)","Custo Total (CT)","Preço Total (PT)"]
["TP01","CODE","CODE","CODE","Nivelamento Geométrico dos Eixos classe IIN","km",3.5,889.16,{"$f":"G8*H8","v":3112.06},{"$f":"(I8*$N$25)+I8","v":3569.2842347195128},null,"1.00","Despesas Indiretas"]
["TP02","CODE","CODE","CODE","Seções Tranversais","km",{"$f":"(G8/0.02)*0.12","v":21},900.54,{"$f":"G9*H9","v":18911.34},{"$f":"(I9*$N$25)+I9","v":21689.796379060979},null,"A1","Seguro e Garantia",8.0000000000000002E-3]
["TP03","CODE","EMOP/COMPOSIÇÃO","01.016.0035-0","Poligonal Classe IIP","km",{"$f":"G8","v":3.5},1366.27,4781.9449999999997,5484.5089425640253,null,"A2","Riscos e Imprevistos",1.15E-2]
["TP04","CODE","CPOS/CDHU/COMPOSIÇÃO","01.20.921","Pontos GPS de dupla frequencia (L1/L2)","un ",10,1264.1400000000001,12641.400000000001,14498.676029634151,null,"A3","Despesas Financeiras",1.0500000000000001E-2]
["TP05","CODE","CODE","CODE","Cadastro Físico","ha ",1950,12.9,25155,28850.77566768293,null,"A4","Administração Central",2.1999999999999999E-2]
["TP06","CODE","CODE","CODE","Cadastro Agrícola","ha ",{"$f":"G12","v":1950},4.3,8385,9616.925222560978,null,"Total do Grupo A =",null,{"$f":"SUM(N9:N12)","v":5.1999999999999998E-2}]
["TP07","CODE","CODE","CODE","Cadastro Jurídico","ha ",{"$f":"G13","v":1950},8.6,16770,19233.850445121956,null,"2.00","Benefício"]
["TP08","CODE","CODE","CODE","Cadastro Socioeconomico","ha ",{"$f":"G14","v":1950},2.87,5596.5,6418.7384625000013,null,"B1","LUCRO",0.05]
["TP09","CODE","ORSE/INSUMO",4369,"Marco de Concreto (12x18x60cm)","un ",5,73,365,418.62584451219521,null,"Total do Grupo B =",null,{"$f":"N15","v":0.05}]
["TP10","CODE","SBC/INSUMO",5238,"Barrote de Madeira (10x10x50cm)","un ",10,12,120,137.63041463414638,null,"3.00","Impostos"]
["TP11","CODE","SEINFRA/INSUMO","I1652","Piquetes de Madeira (2x2x20cm)","un ",{"$f":"G8/0.02","v":175},2.08,364,417.478924390244,null,"C1","PIS / PASEP",6.4999999999999997E-3]
["TP12","CODE",null,"CODE","Picada Manual p/ levantamento TP","km",3,270.88,812.64,932.03316790243923,null,"C2","COFINS",0.03]
["TOTAL SERVIÇOS TOPOGRÁFICOS",{"$nulls":8},{"$f":"SUM(J8:J19)","v":111268.32373528354},null,"C3","ISS",0]
["OBSERVAÇÃO:",{"$nulls":10},"Total do Grupo C =",null,{"$f":"SUM(N18:N20)","v":3.6499999999999998E-2}]
["Uni - unidade de medição do insumo;",{"$nulls":10},"Fórmula Para Cálculo do B.D.I"]
["Qde - Quantidade do Insumo (não pode ocorrer alteração pela Licitante)",{"$nulls":10},"BDI =(((1+A4+A1+A2)*(1+A3)*(1+B))/(1-C))-1"]
["PU - Preço Unitário (composições padrão da Codevasf, já incluso o FatorK)"]
["PT - Preço Total (incluído encargos, taxas e impostos) - PT = Qde x PU",{"$nulls":10},"Bonificação Sobre Despesas indiretas (B.D.I) =",null,{"$f":"(((1+N12+N9+N10)*(1+N11)*(1+N16))/(1-N21))-1","v":0.14692012195121973}]
["Considerar a unidade do TP10 como sendo \"m\", por ser esta a unidade constante no valor do insumo 5238 do SBC."]
["Considerar a unidade do TP11 como sendo \"m\", por ser esta a unidade constante no valor do insumo I1652 do SEINFRA."]

{"sheet":"PFP1.2_Geo","index":2,"n_rows":67,"n_cols":16,"rows_kept":67,"cut":false,"hidden":false,"merged":[[5,0,5,5],[5,6,5,7],[7,4,7,9],[0,0,1,7],[2,0,2,9],[3,0,3,9],[4,0,4,5],[4,6,4,7],[65,0,65,9],[66,0,66,9],[7,12,7,14],[26,12,27,14],[28,12,28,13],[63,0,63,9],[64,0,64,9],[59,0,59,7],[60,0,60,9],[61,0,61,9],[62,0,62,9]]}
["SERVIÇOS GEOLÓGICOS/GEOTÉCNICOS",{"$nulls":8},"CODIGO:"]
[{"$nulls":9},"PFP-1.2"]
["NOME DA EMPRESA:"]
[]
["PROJETO: ",{"$nulls":5},"CONTRATANTE:",null,null,{"$f":"PFP!K5","v":"BASE:"}]
[{"$f":"PFP!A6","v":"Atualização do projeto executivo da Barragem de Extrema, localizada no ribeirão Extrema, no município de São João D’Aliança-GO"},{"$nulls":5},"CODEVASF (SEDE)",null,null,{"$f":"PFP!K6","v":"2024-11-01"}]
["Cod.","Base","Código","Referência","Insumos","Uni","Qde","Custo Unitário (CU)","Custo Total (CT)","Preço Total (PT)"]
["GT 1","CODE",null,null,"Sondagem mista",{"$nulls":7},"MEMÓRIA DE CALCULO DO BDI DE FORNECIMENTO"]
["GT1.2","CODE","E200320516","EMBASA/INSUMO","Sondagem Mista: (Des)Mobilização por equipe","un",4,3157.33,{"$f":"G9*H9","v":12629.32},{"$f":"(I9*$O$29)+I9","v":14484.821234560977},null,null,"ITEM","DISCRIMINAÇÃO","PERC.    (%)"]
["GT1.3","CODE","C0333","SEINFRA/COMPOSIÇÃO","Sondagem Mista: em rochas","m",100,1251.98,125198,143592.10542804882]
["GT1.4","CODE","C0143","SEINFRA/COMPOSIÇÃO","Sondagem Mista: em solo (SPT)","m",100,299.97000000000003,29997.000000000004,34404.16289817074]
["GT1.4.1","CODE","E200320516","EMBASA/INSUMO","Sondagem Mista: Desloc/Instalação 0-200 m","un",6,3157.33,18943.98,21727.231851841469,null,null,"1.00","Despesas Indiretas"]
["GT1.4.1","CODE","E200320516","EMBASA/INSUMO","Sondagem Mista: Desloc/Instalação 201-500 m","un",2,3157.33,6314.66,7242.4106172804886,null,null,"A1","Seguro e Garantia",8.0000000000000002E-3]
["GT1.4.1","CODE","E200320516","EMBASA/INSUMO","Sondagem Mista: Desloc/Instalação acima 500 m","un",1,3157.33,3157.33,3621.2053086402443,null,null,"A2","Riscos e Imprevistos",1.15E-2]
["GT 2","CODE",null,null,"Sondagem a Percussão SPT",{"$nulls":7},"A3","Despesas Financeiras",1.0500000000000001E-2]
["GT2.1","CODE",11512,"ORSE/INSUMO","Sondagem Percussão: (Des)Mobilização por equipe","un",4,2400,{"$f":"G16*H16","v":9600},{"$f":"(I16*$O$29)+I16","v":11010.433170731709},null,null,"A4","Administração Central",2.1999999999999999E-2]
["GT2.2","CODE","CO-28388","SETOP/COMPOSIÇÃO","Sondagem Percursão: com SPT - Terrestre","m",400,72.5,29000,{"$f":"(I17*$O$29)+I17","v":33260.683536585369},null,null,"Total do Grupo A =",null,{"$f":"SUM(O13:O16)","v":5.1999999999999998E-2}]
["GT2.2.2.1","CODE",12328,"ORSE/INSUMO","Sondagem Percursão: Desloc/Instalação 0-200 m","un",25,{"$f":"2*349","v":698},17450,20013.756128048786,null,null,"2.00","Benefício"]
["GT2.2.2.1","CODE",12329,"ORSE/INSUMO","Sondagem Percursão: Desloc/Instalação 201-500 m","un",10,452,4520,5184.0789512195133,null,null,"B1","LUCRO",0.05]
["GT2.2.2.1","CODE",12330,"ORSE/INSUMO","Sondagem Percursão: Desloc/Instalação acima 500 m","un",5,1155,5775,6623.4637042682934,null,null,"Total do Grupo B =",null,{"$f":"O19","v":0.05}]
["GT3","CODE","65.03.01","SUDECAP/COMPOSIÇÃO","Poços de Inspeção com retroescavadeira","m",100,{"$f":"680","v":680},68000,77990.568292682947,null,null,"3.00","Impostos"]
["GT4","CODE",2001001,"SIURB INFRA/COMPOSIÇÃO","Sondagem a Trado","m",200,93.58,18716,21465.75700243903,null,null,"C1","PIS / PASEP",6.4999999999999997E-3]
["GT5","CODE",null,null,"Ensaios: ",{"$nulls":7},"C2","COFINS",0.03]
["GT5.1","CODE","65.08.23","SUDECAP/COMPOSIÇÃO","Ensaio: Retirada de Amostra Indeformada","un",15,1000,{"$f":"G24*H24","v":15000},{"$f":"(I24*$O$29)+I24","v":17203.801829268297},null,null,"C3","ISS",0]
["GT6.1","CODE",null,null,"Ensaios de solo",{"$nulls":7},"Total do Grupo C =",null,{"$f":"SUM(O22:O24)","v":3.6499999999999998E-2}]
["GT6.1.1","CODE","AD 05.05.0550","SCO/COMPOSIÇÃO","Ensaio: Umidade Natural ","un",30,81.319999999999993,{"$f":"G26*H26","v":2439.6},{"$f":"(I26*$O$29)+I26","v":2798.0263295121954},null,null,"Fórmula Para Cálculo do B.D.I"]
["GT6.1.2","CODE","AD 05.05.0200","SCO/COMPOSIÇÃO","Ensaio: Densidade Natural","un",30,215.91,6477.3,{"$f":"(I27*$O$29)+I27","v":7428.9457059146353},null,null,"BDI =(((1+A4+A1+A2)*(1+A3)*(1+B))/(1-C))-1"]
["GT6.1.3","CODE","AD 05.05.0250","SCO/COMPOSIÇÃO","Ensaio: Limite de Liquidez","un",30,157.02000000000001,4710.6000000000004,5402.6819264634159]
["GT6.1.4","CODE","AD 05.05.0300","SCO/COMPOSIÇÃO","Ensaio: Limite de Plasticidade","un",30,157.02000000000001,4710.6000000000004,5402.6819264634159,null,null,"Bonificação Sobre Despesas indiretas (B.D.I) =",null,{"$f":"(((1+O16+O13+O14)*(1+O15)*(1+O20))/(1-O25))-1","v":0.14692012195121973}]
["GT6.1.5","CODE","ED-49551","SETOP/COMPOSIÇÃO","Ensaio: Granulometria por Peneiramento","un",30,94.85,2845.5,3263.5612070121956]
["GT6.1.6","CODE","01.07.07U","COMPESA/COMPOSIÇÃO","Ensaio: Granulometria por Sedimentação","un",30,138.12,4143.6000000000004,4752.3782173170748]
["GT6.1.7","CODE","01.001.0011-A","EMOP/COMPOSIÇÃO","Ensaio: Compactação Proctor Normal","un",30,395.69,11870.7,13614.744691646345,null,null,"Cotações - Data: 11/2024"]
["GT6.1.8","CODE","34.01.16","EMBASA/COMPOSIÇÃO","Ensaio: Massa Especifica Real dos Grãos","un",30,65.78,1973.4,2263.3321686585373,null,null,"Análise Petrográfica (ensaio de lâmina)"]
["GT6.1.9","CODE","AD 05.05.0325","SCO/COMPOSIÇÃO","Ensaio: Massa Específica Aparente \"in situ\" ","un",10,86.92,869.2,996.90297000000021,null,null,"Cotação 1:",419,"CV:",{"$f":"STDEVA(N34:N38)/AVERAGE(N34:N38)","v":0.17749398907513914}]
["GT6.1.10","CODE","AD 05.05.0100","SCO/COMPOSIÇÃO","Ensaio: Adensamento Oedométrico","un",10,1936.16,19361.600000000002,22206.20863317074,null,null,"Cotação 2:",350,"Média:",{"$f":"AVERAGE(N34:N38)","v":423}]
["GT6.1.11","CODE","CO-6364","SETOP/COMPOSIÇÃO","Ensaio: Triaxial (UU) não consolidado não derenado","un",5,1962.83,9814.15,11256.046114847562,null,null,"Cotação 3:",500,"Mediana:",{"$f":"MEDIAN(N34:N38)","v":419}]
["GT6.1.12","CODE","CO-6363","SETOP/COMPOSIÇÃO","Ensaio: Triaxial (CU) consolidado não drenado ","un",5,2141.19,10705.95,12278.869479603662,null,null,"Cotação 4:",null,"Menor:",{"$f":"SMALL(P35:P36,1)","v":419}]
["GT6.2","CODE",null,null,"Ensaios de Expansão",{"$nulls":7},"Cotação 5:"]
["GT6.2.1","CODE","CO-6341","SETOP/COMPOSIÇÃO","Ensaio: Expansão colapsividade em aneis","un",10,146.66,{"$f":"G39*H39","v":1466.6},{"$f":"(I39*$O$29)+I39","v":1682.0730508536587}]
["GT6.2.2","CODE","CO-6359","SETOP/COMPOSIÇÃO","Ensaio: Determinação da pressão de expansão","un",10,2193.73,{"$f":"G40*H40","v":21937.3},{"$f":"(I40*$O$29)+I40","v":25160.330791280492},null,null,"Fontes de pesquisa:"]
["GT6.3","CODE",null,null,"Ensaios de Dispersão ",{"$nulls":7},"Cotação 1:","https://www.crea-rs.org.br/site/documentos/Tabela%20de%20honor%C3%A1rios_APSG_2021.pdf"]
["GT6.3.1","CODE",130,"SBC/COMPOSIÇÃO","Ensaio: Dispersão Granulometria Comparativa","un",10,156.54,{"$f":"G42*H42","v":1565.3999999999999},{"$f":"(I42*$O$29)+I42","v":1795.3887589024391},null,null,"Cotação 2:","http://www.lmegeologia.ufc.br/index.php/pt/servicos/empresas-privadas"]
["GT6.3.2","CODE","34.05.32","EMBASA/COMPOSIÇÃO","Ensaio: Dispersão Crumb Test","un",10,250,{"$f":"G43*H43","v":2500},{"$f":"(I43*$O$29)+I43","v":2867.3003048780492},null,null,"Cotação 3:","https://lamir.ufpr.br/portal/custos-analises/"]
["GT6.4","CODE",null,null,"Análise da Areia "]
["GT6.4.1","CODE","34.05.29","EMBASA/COMPOSIÇÃO","Ensaio: Mineralogia da Areia","un",5,1400,{"$f":"G45*H45","v":7000},{"$f":"(I45*$O$29)+I45","v":8028.4408536585379}]
["GT6.4.2","CODE","01.001.0009-0","EMOP/COMPOSIÇÃO","Ensaio: Equivalente de Areia","un",5,245.24,1226.2,1406.3534535365857]
["GT6.4.3","CODE","34.05.30","EMBASA/COMPOSIÇÃO","Ensaio: Teor de Matéria Orgânica","un",5,250,1250,1433.6501524390246]
["6.1.15","CODE","01.07.06U","COMPESA/COMPOSIÇÃO","Granulometria por Peneiramento","un",5,116.31,581.54999999999995,666.99139692073175]
["6.1.20","CODE","AD 35.35.0600","SCO/COMPOSIÇÃO","PERMEABILIDADE VERTICAL DE CARGA VARIAVEL","un",5,431.82,2159.1,2476.3152353048786]
["GT6.4.4","CODE","34.97.01","EMBASA/COMPOSIÇÃO","Ensaio: Reatividade Potencial","un",5,1600,8000,9175.3609756097576]
[null,"CODE",null,null,"Análise da Rocha"]
["6.1.17","CODE",null,null,"Análise Petrográfica (ensaio de lâmina)","un",5,419,{"$f":"G52*H52","v":2095},{"$f":"(I52*$O$29)+I52","v":2402.7976554878055}]
["6.1.19","CODE","34.03.07","EMBASA/COMPOSIÇÃO","Reatividade potencial - método acelerado - ASTM-C-1260","un",5,1600,{"$f":"G53*H53","v":8000},{"$f":"(I53*$O$29)+I53","v":9175.3609756097576}]
["6.1.18","CODE","01.001.0093-0","EMOP/COMPOSIÇÃO","Abrasão Los Angeles","un",5,834.95,{"$f":"G54*H54","v":4174.75},{"$f":"(I54*$O$29)+I54","v":4788.1047791158544}]
["GT6.5","CODE",null,null,"Ensaios de Permeabilidade"]
["GT6.5.1","CODE","34.01.42","EMBASA/COMPOSIÇÃO","Ensaio de Permeabilidade \"in situ\"","un",20,850,{"$f":"G56*H56","v":17000},{"$f":"(I56*$O$29)+I56","v":19497.642073170737}]
["GT6.5.2","CODE","34.01.43","EMBASA/COMPOSIÇÃO","Ensaio: Permeabilidade Vertical de Carga constante","un",20,1040.54,{"$f":"G57*H57","v":20810.8},{"$f":"(I57*$O$29)+I57","v":23868.325273902443}]
["GT6.5.3","CODE","34.01.46","EMBASA/COMPOSIÇÃO","Ensaio: Permeabilidade Vertical de Carga Variável","un",20,1229.33,{"$f":"G58*H58","v":24586.6},{"$f":"(I58*$O$29)+I58","v":28198.866270365856}]
["GT6.5.4","CODE","32.04.64","EMBASA/COMPOSIÇÃO","Ensaio: Perda de Água 5 estágios","un",10,1248,{"$f":"G59*H59","v":12480},{"$f":"(I59*$O$29)+I59","v":14313.563121951222}]
["TOTAL SERVIÇOS GEOTÉCNICOS",{"$nulls":8},{"$f":"SUM(J9:J59)","v":666425.72444738436}]
["LEGENDA:"]
["Uni - unidade de medição do insumo;"]
["Qde - Quantidade do Insumo (não pode ocorrer alteração pela Licitante)"]
["PU - Preço Unitário (composições padrão da Codevasf, já incluso o FatorK)"]
["PT - Preço Total (incluído encargos, taxas e impostos) - PT = Qde x PU"]
["OBSERVAÇÃO:"]
["Considerar a unidade do GT3 como sendo \"m³\", por ser esta a unidade constante no valor da composição 65.03.01 do SUDECAP."]

{"sheet":"PFP2.1_FatorKa","index":3,"n_rows":41,"n_cols":6,"rows_kept":41,"cut":false,"hidden":false,"merged":[[35,1,35,3],[6,1,6,3],[40,0,40,5],[39,0,39,5],[38,0,38,5],[37,0,37,5],[22,1,22,3],[29,1,29,3],[30,1,30,3],[28,1,28,3],[25,1,25,3],[26,1,26,3],[27,1,27,3],[33,1,33,3],[31,1,31,3],[32,1,32,3],[34,1,34,3],[0,0,1,4],[2,0,2,5],[5,0,5,1],[5,2,5,4],[4,2,4,4],[3,0,3,5],[24,1,24,3],[7,1,7,3],[17,1,17,3],[8,1,8,3],[13,1,13,3],[14,1,14,3],[15,1,15,3],[18,1,18,3],[19,1,19,3],[20,1,20,3],[21,1,21,3],[23,1,23,3],[9,1,9,3],[10,1,10,3],[11,1,11,3],[12,1,12,3]]}
["DETALHAMENTO DOS ENCARGOS SOCIAIS: Ka",{"$nulls":4},"CODIGO:"]
[{"$nulls":5},"PFP-2.1"]
["NOME DA CONSULTORA:"]
[]
["PROJETO:",null,"CONTRATANTE:",null,null,{"$f":"PFP!K5","v":"BASE:"}]
[{"$f":"PFP!A6","v":"Atualização do projeto executivo da Barragem de Extrema, localizada no ribeirão Extrema, no município de São João D’Aliança-GO"},null,"CODEVASF (SEDE)",null,null,"SINAPI/GO: 12/23"]
["Cod","DESCRIÇÃO",null,null,"%","R$"]
["A","ENCARGOS SOCIAIS BÁSICOS",null,null,{"$f":"ROUND(SUM(E9:E17),4)","v":0.378},{"$f":"ROUND(E8*SUMIF(PFP!$B$8:$B$24,\"MO1\",PFP!$K$8:$K$24),2)","v":160589.12}]
["A1","INSS",null,null,0.2,{"$f":"ROUND(E9*SUMIF(PFP!$B$8:$B$24,\"MO1\",PFP!$K$8:$K$24),2)","v":84967.79}]
["A2","SESI",null,null,1.4999999999999999E-2,{"$f":"ROUND(E10*SUMIF(PFP!$B$8:$B$24,\"MO1\",PFP!$K$8:$K$24),2)","v":6372.58}]
["A3","SENAI",null,null,0.01,{"$f":"ROUND(E11*SUMIF(PFP!$B$8:$B$24,\"MO1\",PFP!$K$8:$K$24),2)","v":4248.3900000000003}]
["A4","INCRA",null,null,2E-3,{"$f":"ROUND(E12*SUMIF(PFP!$B$8:$B$24,\"MO1\",PFP!$K$8:$K$24),2)","v":849.68}]
["A5","SEBRAE",null,null,6.0000000000000001E-3,{"$f":"ROUND(E13*SUMIF(PFP!$B$8:$B$24,\"MO1\",PFP!$K$8:$K$24),2)","v":2549.0300000000002}]
["A6","Salário Educação",null,null,2.5000000000000001E-2,{"$f":"ROUND(E14*SUMIF(PFP!$B$8:$B$24,\"MO1\",PFP!$K$8:$K$24),2)","v":10620.97}]
["A7","Seguro Contra Acidentes de Trabalho",null,null,0.03,{"$f":"ROUND(E15*SUMIF(PFP!$B$8:$B$24,\"MO1\",PFP!$K$8:$K$24),2)","v":12745.17}]
["A8","FGTS",null,null,0.08,{"$f":"ROUND(E16*SUMIF(PFP!$B$8:$B$24,\"MO1\",PFP!$K$8:$K$24),2)","v":33987.11}]
["A9","SECONCI",null,null,0.01,{"$f":"ROUND(E17*SUMIF(PFP!$B$8:$B$24,\"MO1\",PFP!$K$8:$K$24),2)","v":4248.3900000000003}]
["B"," ENCARGOS SOCIAIS QUE RECEBEM INCIDÊNCIA DE \"A\"",null,null,{"$f":"ROUND(SUM(E19:E25),4)","v":9.6799999999999997E-2},{"$f":"ROUND(E18*SUMIF(PFP!$B$8:$B$24,\"MO1\",PFP!$K$8:$K$24),2)","v":41124.410000000003}]
["B3","Auxílio Enfermidade",null,null,6.4000000000000003E-3,{"$f":"ROUND(E19*SUMIF(PFP!$B$8:$B$24,\"MO1\",PFP!$K$8:$K$24),2)","v":2718.97}]
["B4","13º Salário",null,null,8.3299999999999999E-2,{"$f":"ROUND(E20*SUMIF(PFP!$B$8:$B$24,\"MO1\",PFP!$K$8:$K$24),2)","v":35389.08}]
["B5","Licença Paternidade",null,null,4.0000000000000002E-4,{"$f":"ROUND(E21*SUMIF(PFP!$B$8:$B$24,\"MO1\",PFP!$K$8:$K$24),2)","v":169.94}]
["B6","Faltas Justificadas",null,null,5.5999999999999999E-3,{"$f":"ROUND(E22*SUMIF(PFP!$B$8:$B$24,\"MO1\",PFP!$K$8:$K$24),2)","v":2379.1}]
["B8","Auxílio Acidente de Trabalho",null,null,8.0000000000000004E-4,{"$f":"ROUND(E23*SUMIF(PFP!$B$8:$B$24,\"MO1\",PFP!$K$8:$K$24),2)","v":339.87}]
["B9","Férias Gozadas",null,null,0,{"$f":"ROUND(E24*SUMIF(PFP!$B$8:$B$24,\"MO1\",PFP!$K$8:$K$24),2)","v":0}]
["B10","Salário Maternidade",null,null,2.9999999999999997E-4,{"$f":"ROUND(E25*SUMIF(PFP!$B$8:$B$24,\"MO1\",PFP!$K$8:$K$24),2)","v":127.45}]
["C"," ENCARGOS SOCIAIS QUE NÃO RECEBEM INCIDÊNCIA DE \"A\"",null,null,{"$f":"ROUND(SUM(E27:E31),4)","v":0.15709999999999999},{"$f":"ROUND(E26*SUMIF(PFP!$B$8:$B$24,\"MO1\",PFP!$K$8:$K$24),2)","v":66742.2}]
["C1","Aviso Prévio Indenizado",null,null,4.3999999999999997E-2,{"$f":"ROUND(E27*SUMIF(PFP!$B$8:$B$24,\"MO1\",PFP!$K$8:$K$24),2)","v":18692.91}]
["C2","Aviso Prévio Trabalhado",null,null,1E-3,{"$f":"ROUND(E28*SUMIF(PFP!$B$8:$B$24,\"MO1\",PFP!$K$8:$K$24),2)","v":424.84}]
["C3","Férias Indenizadas",null,null,8.9599999999999999E-2,{"$f":"ROUND(E29*SUMIF(PFP!$B$8:$B$24,\"MO1\",PFP!$K$8:$K$24),2)","v":38065.57}]
["C4","Depósito Rescisão Sem Justa Causa",null,null,1.8800000000000001E-2,{"$f":"ROUND(E30*SUMIF(PFP!$B$8:$B$24,\"MO1\",PFP!$K$8:$K$24),2)","v":7986.97}]
["C5","Indenização Adicional",null,null,3.7000000000000002E-3,{"$f":"ROUND(E31*SUMIF(PFP!$B$8:$B$24,\"MO1\",PFP!$K$8:$K$24),2)","v":1571.9}]
["D"," REINCIDÊNCIAS",null,null,{"$f":"ROUND(SUM(E33:E34),4)","v":4.0500000000000001E-2},{"$f":"ROUND(E32*SUMIF(PFP!$B$8:$B$24,\"MO1\",PFP!$K$8:$K$24),2)","v":17205.98}]
["D1","Reincidência de \"A\" sobre \"B\"",null,null,3.6600000000000001E-2,{"$f":"ROUND(E33*SUMIF(PFP!$B$8:$B$24,\"MO1\",PFP!$K$8:$K$24),2)","v":15549.1}]
["D2","Reincidência de \"A\" sobre Aviso Prévio Trabalhado e reincidência do FGTS sobre Aviso Prévio Indenizado",null,null,{"$f":"ROUND((E28*E8)+(E27*E16),4)","v":3.8999999999999998E-3},{"$f":"ROUND(E34*SUMIF(PFP!$B$8:$B$24,\"MO1\",PFP!$K$8:$K$24),2)","v":1656.87}]
["K1a","ENCARGOS SOCIAIS",null,null,{"$f":"ROUND(E8+E18+E26+E32,4)","v":0.6724},{"$f":"ROUND(E35*SUMIF(PFP!$B$8:$B$24,\"MO1\",PFP!$K$8:$K$24),2)","v":285661.7}]
["Ka","TAXA DE RESSARCIMENTO DE DESPESAS E ENCARGOS SOBRE MO1",null,null,{"$f":"ROUND((1+E35+PFP3_FatorKd!E13)*(1+PFP3_FatorKd!E12)*(1+PFP3_FatorKd!E8),4)","v":2.1196999999999999}]
["OBSERVAÇÃO: CELETISTAS E EQUIVALENTES"]
["1 - DISCRIMINAR OS ENCARGOS SOCIAIS COM SEUS RESPECTIVOS PERCENTUAS TOTALIZANDO OS MESMOS. "]
["2 - APLICAR O  % TOTAL P/ CALCULAR OS E. SOCIAIS INCIDENTES NA MÃO-DE-OBRA CELETISTAS"]
["Ka - Taxa de Ressarcimento de Despesas e Encargos sobre a Mão de Obra CELETISTA (incide apenas no Insumo Codigo MO1)"]
["Ka = (1 + K1 + K2) x (1 + K3) x (1 + K4)"]

{"sheet":"PFP2.2_FatorKb","index":4,"n_rows":40,"n_cols":6,"rows_kept":40,"cut":false,"hidden":false,"merged":[[27,1,27,3],[28,1,28,3],[29,1,29,3],[22,1,22,3],[23,1,23,3],[24,1,24,3],[25,1,25,3],[26,1,26,3],[6,1,6,3],[12,1,12,3],[13,1,13,3],[39,0,39,5],[36,0,36,5],[37,0,37,5],[38,0,38,5],[31,1,31,3],[32,1,32,3],[33,1,33,3],[34,1,34,3],[18,1,18,3],[30,1,30,3],[19,1,19,3],[20,1,20,3],[21,1,21,3],[0,0,1,4],[2,0,2,5],[3,0,3,5],[4,2,4,4],[5,0,5,1],[5,2,5,4],[7,1,7,3],[16,1,16,3],[17,1,17,3],[8,1,8,3],[9,1,9,3],[10,1,10,3],[14,1,14,3],[15,1,15,3],[11,1,11,3]]}
["DETALHAMENTO DOS ENCARGOS SOCIAIS: Kb",{"$nulls":4},"CODIGO:"]
[{"$nulls":5},"PFP-2.2"]
["NOME DA CONSULTORA:"]
[]
["PROJETO:",null,"CONTRATANTE:",null,null,{"$f":"'PFP2.1_FatorKa'!F5","v":"BASE:"}]
[{"$f":"PFP!A6","v":"Atualização do projeto executivo da Barragem de Extrema, localizada no ribeirão Extrema, no município de São João D’Aliança-GO"},null,"CODEVASF (SEDE)",null,null,{"$f":"'PFP2.1_FatorKa'!F6","v":"SINAPI/GO: 12/23"}]
["Cod","DESCRIÇÃO",null,null,"%","R$"]
["A","ENCARGOS SOCIAIS BÁSICOS",null,null,{"$f":"ROUND(SUM(E9:E16),4)","v":0.2},{"$f":"ROUND(E8*SUMIF(PFP!$B$8:$B$24,\"MO2\",PFP!$K$8:$K$24),2)","v":22228.21}]
["A1","INSS",null,null,0.2,{"$f":"ROUND(E9*SUMIF(PFP!$B$8:$B$24,\"MO2\",PFP!$K$8:$K$24),2)","v":22228.21}]
["A2","SESI",null,null,0,{"$f":"ROUND(E10*SUMIF(PFP!$B$8:$B$24,\"MO2\",PFP!$K$8:$K$24),2)","v":0}]
["A3","SENAI",null,null,0,{"$f":"ROUND(E11*SUMIF(PFP!$B$8:$B$24,\"MO2\",PFP!$K$8:$K$24),2)","v":0}]
["A4","INCRA",null,null,0,{"$f":"ROUND(E12*SUMIF(PFP!$B$8:$B$24,\"MO2\",PFP!$K$8:$K$24),2)","v":0}]
["A5","SEBRAE",null,null,0,{"$f":"ROUND(E13*SUMIF(PFP!$B$8:$B$24,\"MO2\",PFP!$K$8:$K$24),2)","v":0}]
["A6","Salário Educação",null,null,0,{"$f":"ROUND(E14*SUMIF(PFP!$B$8:$B$24,\"MO2\",PFP!$K$8:$K$24),2)","v":0}]
["A7","Seguro Contra Acidentes de Trabalho",null,null,0,{"$f":"ROUND(E15*SUMIF(PFP!$B$8:$B$24,\"MO2\",PFP!$K$8:$K$24),2)","v":0}]
["A8","FGTS",null,null,0,{"$f":"ROUND(E16*SUMIF(PFP!$B$8:$B$24,\"MO2\",PFP!$K$8:$K$24),2)","v":0}]
["B"," ENCARGOS SOCIAIS QUE RECEBEM INCIDÊNCIA DE \"A\"",null,null,{"$f":"ROUND(SUM(E18:E24),4)","v":0},{"$f":"ROUND(E17*SUMIF(PFP!$B$8:$B$24,\"MO2\",PFP!$K$8:$K$24),2)","v":0}]
["B3","Auxílio Enfermidade",null,null,0,{"$f":"ROUND(E18*SUMIF(PFP!$B$8:$B$24,\"MO2\",PFP!$K$8:$K$24),2)","v":0}]
["B4","13º Salário",null,null,0,{"$f":"ROUND(E19*SUMIF(PFP!$B$8:$B$24,\"MO2\",PFP!$K$8:$K$24),2)","v":0}]
["B5","Licença Paternidade",null,null,0,{"$f":"ROUND(E20*SUMIF(PFP!$B$8:$B$24,\"MO2\",PFP!$K$8:$K$24),2)","v":0}]
["B6","Faltas Justificadas",null,null,0,{"$f":"ROUND(E21*SUMIF(PFP!$B$8:$B$24,\"MO2\",PFP!$K$8:$K$24),2)","v":0}]
["B8","Auxílio Acidente de Trabalho",null,null,0,{"$f":"ROUND(E22*SUMIF(PFP!$B$8:$B$24,\"MO2\",PFP!$K$8:$K$24),2)","v":0}]
["B9","Férias Gozadas",null,null,0,{"$f":"ROUND(E23*SUMIF(PFP!$B$8:$B$24,\"MO2\",PFP!$K$8:$K$24),2)","v":0}]
["B10","Salário Maternidade",null,null,0,{"$f":"ROUND(E24*SUMIF(PFP!$B$8:$B$24,\"MO2\",PFP!$K$8:$K$24),2)","v":0}]
["C"," ENCARGOS SOCIAIS QUE NÃO RECEBEM INCIDÊNCIA DE \"A\"",null,null,{"$f":"ROUND(SUM(E26:E30),4)","v":0},{"$f":"ROUND(E25*SUMIF(PFP!$B$8:$B$24,\"MO2\",PFP!$K$8:$K$24),2)","v":0}]
["C1","Aviso Prévio Indenizado",null,null,0,{"$f":"ROUND(E26*SUMIF(PFP!$B$8:$B$24,\"MO2\",PFP!$K$8:$K$24),2)","v":0}]
["C2","Aviso Prévio Trabalhado",null,null,0,{"$f":"ROUND(E27*SUMIF(PFP!$B$8:$B$24,\"MO2\",PFP!$K$8:$K$24),2)","v":0}]
["C3","Férias Indenizadas",null,null,0,{"$f":"ROUND(E28*SUMIF(PFP!$B$8:$B$24,\"MO2\",PFP!$K$8:$K$24),2)","v":0}]
["C4","Depósito Rescisão Sem Justa Causa",null,null,0,{"$f":"ROUND(E29*SUMIF(PFP!$B$8:$B$24,\"MO2\",PFP!$K$8:$K$24),2)","v":0}]
["C5","Indenização Adicional",null,null,0,{"$f":"ROUND(E30*SUMIF(PFP!$B$8:$B$24,\"MO2\",PFP!$K$8:$K$24),2)","v":0}]
["D"," REINCIDÊNCIAS",null,null,{"$f":"ROUND(SUM(E32:E33),4)","v":0},{"$f":"ROUND(E31*SUMIF(PFP!$B$8:$B$24,\"MO2\",PFP!$K$8:$K$24),2)","v":0}]
["D1","Reincidência de \"A\" sobre \"B\"",null,null,{"$f":"ROUND(E8*E17,4)","v":0},{"$f":"ROUND(E32*SUMIF(PFP!$B$8:$B$24,\"MO2\",PFP!$K$8:$K$24),2)","v":0}]
["D2","Reincidência de \"A\" sobre Aviso Prévio Trabalhado e reincidência do FGTS sobre Aviso Prévio Indenizado",null,null,{"$f":"ROUND((E27*E8)+(E26*E16),4)","v":0},{"$f":"ROUND(E33*SUMIF(PFP!$B$8:$B$24,\"MO2\",PFP!$K$8:$K$24),2)","v":0}]
["K1b","ENCARGOS SOCIAIS",null,null,{"$f":"ROUND(E8+E17+E25+E31,4)","v":0.2},{"$f":"ROUND(E34*SUMIF(PFP!$B$8:$B$24,\"MO2\",PFP!$K$8:$K$24),2)","v":22228.21}]
["Kb","TAXA DE RESSARCIMENTO DE DESPESAS E ENCARGOS SOBRE MO2",null,null,{"$f":"ROUND((1+E34+PFP3_FatorKd!E13)*(1+PFP3_FatorKd!E12)*(1+PFP3_FatorKd!E8),4)","v":1.544}]
["OBSERVAÇÃO: AUTÔNOMOS E EQUIVALENTES"]
["1 - DISCRIMINAR OS ENCARGOS SOCIAIS COM SEUS RESPECTIVOS PERCENTUAS TOTALIZANDO OS MESMOS. "]
["2 - APLICAR O % TOTAL P/ CALCULAR OS E. SOCIAIS INCIDENTES NA MÃO-DE-OBRA AUTONÔMOS"]
["Kb - Taxa de Ressarcimento de Despesas e Encargos sobre a Mão de Obra AUTONÔMA (incide apenas no Insumo Codigo MO2)"]
["Kb = (1 + K1 + K2) x (1 + K3) x (1 + K4)"]

{"sheet":"PFP2.3_FatorKc","index":5,"n_rows":40,"n_cols":6,"rows_kept":40,"cut":false,"hidden":false,"merged":[[0,0,1,4],[2,0,2,5],[3,0,3,5],[4,2,4,4],[5,0,5,1],[5,2,5,4],[16,1,16,3],[6,1,6,3],[7,1,7,3],[8,1,8,3],[9,1,9,3],[10,1,10,3],[11,1,11,3],[12,1,12,3],[13,1,13,3],[14,1,14,3],[15,1,15,3],[28,1,28,3],[17,1,17,3],[18,1,18,3],[19,1,19,3],[20,1,20,3],[21,1,21,3],[22,1,22,3],[23,1,23,3],[24,1,24,3],[25,1,25,3],[26,1,26,3],[27,1,27,3],[36,0,36,5],[37,0,37,5],[38,0,38,5],[39,0,39,5],[29,1,29,3],[30,1,30,3],[31,1,31,3],[32,1,32,3],[33,1,33,3],[34,1,34,3]]}
["DETALHAMENTO DOS ENCARGOS SOCIAIS: Kc",{"$nulls":4},"CODIGO:"]
[{"$nulls":5},"PFP-2.3"]
["NOME DA CONSULTORA:"]
[]
["PROJETO:",null,"CONTRATANTE:",null,null,{"$f":"'PFP2.2_FatorKb'!F5","v":"BASE:"}]
[{"$f":"PFP!A6","v":"Atualização do projeto executivo da Barragem de Extrema, localizada no ribeirão Extrema, no município de São João D’Aliança-GO"},null,"CODEVASF (SEDE)",null,null,{"$f":"'PFP2.2_FatorKb'!F6","v":"SINAPI/GO: 12/23"}]
["Cod","DESCRIÇÃO",null,null,"%","R$"]
["A","ENCARGOS SOCIAIS BÁSICOS",null,null,{"$f":"SUM(E9:E16)","v":0},{"$f":"ROUND(E8*SUMIF(PFP!$B$8:$B$24,\"MO3\",PFP!$K$8:$K$24),2)","v":0}]
["A1","INSS",null,null,0,{"$f":"ROUND(E9*SUMIF(PFP!$B$8:$B$24,\"MO3\",PFP!$K$8:$K$24),2)","v":0}]
["A2","SESI",null,null,0,{"$f":"ROUND(E10*SUMIF(PFP!$B$8:$B$24,\"MO3\",PFP!$K$8:$K$24),2)","v":0}]
["A3","SENAI",null,null,0,{"$f":"ROUND(E11*SUMIF(PFP!$B$8:$B$24,\"MO3\",PFP!$K$8:$K$24),2)","v":0}]
["A4","INCRA",null,null,0,{"$f":"ROUND(E12*SUMIF(PFP!$B$8:$B$24,\"MO3\",PFP!$K$8:$K$24),2)","v":0}]
["A5","SEBRAE",null,null,0,{"$f":"ROUND(E13*SUMIF(PFP!$B$8:$B$24,\"MO3\",PFP!$K$8:$K$24),2)","v":0}]
["A6","Salário Educação",null,null,0,{"$f":"ROUND(E14*SUMIF(PFP!$B$8:$B$24,\"MO3\",PFP!$K$8:$K$24),2)","v":0}]
["A7","Seguro Contra Acidentes de Trabalho",null,null,0,{"$f":"ROUND(E15*SUMIF(PFP!$B$8:$B$24,\"MO3\",PFP!$K$8:$K$24),2)","v":0}]
["A8","FGTS",null,null,0,{"$f":"ROUND(E16*SUMIF(PFP!$B$8:$B$24,\"MO3\",PFP!$K$8:$K$24),2)","v":0}]
["B"," ENCARGOS SOCIAIS QUE RECEBEM INCIDÊNCIA DE \"A\"",null,null,{"$f":"ROUND(SUM(E18:E24),4)","v":0},{"$f":"ROUND(E17*SUMIF(PFP!$B$8:$B$24,\"MO3\",PFP!$K$8:$K$24),2)","v":0}]
["B3","Auxílio Enfermidade",null,null,0,{"$f":"ROUND(E18*SUMIF(PFP!$B$8:$B$24,\"MO3\",PFP!$K$8:$K$24),2)","v":0}]
["B4","13º Salário",null,null,0,{"$f":"ROUND(E19*SUMIF(PFP!$B$8:$B$24,\"MO3\",PFP!$K$8:$K$24),2)","v":0}]
["B5","Licença Paternidade",null,null,0,{"$f":"ROUND(E20*SUMIF(PFP!$B$8:$B$24,\"MO3\",PFP!$K$8:$K$24),2)","v":0}]
["B6","Faltas Justificadas",null,null,0,{"$f":"ROUND(E21*SUMIF(PFP!$B$8:$B$24,\"MO3\",PFP!$K$8:$K$24),2)","v":0}]
["B8","Auxílio Acidente de Trabalho",null,null,0,{"$f":"ROUND(E22*SUMIF(PFP!$B$8:$B$24,\"MO3\",PFP!$K$8:$K$24),2)","v":0}]
["B9","Férias Gozadas",null,null,0,{"$f":"ROUND(E23*SUMIF(PFP!$B$8:$B$24,\"MO3\",PFP!$K$8:$K$24),2)","v":0}]
["B10","Salário Maternidade",null,null,0,{"$f":"ROUND(E24*SUMIF(PFP!$B$8:$B$24,\"MO3\",PFP!$K$8:$K$24),2)","v":0}]
["C"," ENCARGOS SOCIAIS QUE NÃO RECEBEM INCIDÊNCIA DE \"A\"",null,null,{"$f":"ROUND(SUM(E26:E30),4)","v":0},{"$f":"ROUND(E25*SUMIF(PFP!$B$8:$B$24,\"MO3\",PFP!$K$8:$K$24),2)","v":0}]
["C1","Aviso Prévio Indenizado",null,null,0,{"$f":"ROUND(E26*SUMIF(PFP!$B$8:$B$24,\"MO3\",PFP!$K$8:$K$24),2)","v":0}]
["C2","Aviso Prévio Trabalhado",null,null,0,{"$f":"ROUND(E27*SUMIF(PFP!$B$8:$B$24,\"MO3\",PFP!$K$8:$K$24),2)","v":0}]
["C3","Férias Indenizadas",null,null,0,{"$f":"ROUND(E28*SUMIF(PFP!$B$8:$B$24,\"MO3\",PFP!$K$8:$K$24),2)","v":0}]
["C4","Depósito Rescisão Sem Justa Causa",null,null,0,{"$f":"ROUND(E29*SUMIF(PFP!$B$8:$B$24,\"MO3\",PFP!$K$8:$K$24),2)","v":0}]
["C5","Indenização Adicional",null,null,0,{"$f":"ROUND(E30*SUMIF(PFP!$B$8:$B$24,\"MO3\",PFP!$K$8:$K$24),2)","v":0}]
["D"," REINCIDÊNCIAS",null,null,{"$f":"ROUND(SUM(E32:E33),4)","v":0},{"$f":"ROUND(E31*SUMIF(PFP!$B$8:$B$24,\"MO3\",PFP!$K$8:$K$24),2)","v":0}]
["D1","Reincidência de \"A\" sobre \"B\"",null,null,{"$f":"ROUND(E8*E17,4)","v":0},{"$f":"ROUND(E32*SUMIF(PFP!$B$8:$B$24,\"MO3\",PFP!$K$8:$K$24),2)","v":0}]
["D2","Reincidência de \"A\" sobre Aviso Prévio Trabalhado e reincidência do FGTS sobre Aviso Prévio Indenizado",null,null,{"$f":"ROUND(E8*E27,4)+ROUND(E26*E11,4)","v":0},{"$f":"ROUND(E33*SUMIF(PFP!$B$8:$B$24,\"MO3\",PFP!$K$8:$K$24),2)","v":0}]
["K1c","ENCARGOS SOCIAIS",null,null,{"$f":"ROUND(E8+E17+E25+E31,4)","v":0},{"$f":"ROUND(E34*SUMIF(PFP!$B$8:$B$24,\"MO3\",PFP!$K$8:$K$24),2)","v":0}]
["Kc","TAXA DE RESSARCIMENTO DE DESPESAS E ENCARGOS SOBRE MO3",null,null,{"$f":"ROUND((1+E34+PFP3_FatorKd!E13)*(1+PFP3_FatorKd!E12)*(1+PFP3_FatorKd!E8),4)","v":1.3003}]
["OBSERVAÇÃO: SOCIETÁRIOS E EQUIVALENTES"]
["1 - DISCRIMINAR OS ENCARGOS SOCIAIS COM SEUS RESPECTIVOS PERCENTUAS TOTALIZANDO OS MESMOS. "]
["2 - APLICAR O % TOTAL P/ CALCULAR OS E. SOCIAIS INCIDENTES NA MÃO-DE-OBRA DE SOCIETÁRIOS"]
["Kc - Taxa de Ressarcimento de Despesas e Encargos sobre a Mão de Obra SOCIETÁRIA (incide apenas no Insumo Codigo MO3)"]
["Kc = (1 + K1 + K2) x (1 + K3) x (1 + K4)"]

{"sheet":"PFP3_FatorKd","index":6,"n_rows":35,"n_cols":7,"rows_kept":35,"cut":false,"hidden":false,"merged":[[31,0,31,5],[0,0,1,4],[2,0,2,5],[5,0,5,1],[5,2,5,4],[4,2,4,4],[3,0,3,5],[7,1,7,2],[25,0,25,5],[6,1,6,2],[11,6,11,14],[12,6,12,14],[12,1,12,3],[11,1,11,3],[8,1,8,2],[9,1,9,2],[10,1,10,2],[33,0,33,5],[34,0,34,5],[16,1,16,3],[13,1,13,3],[14,1,14,3],[15,1,15,3],[21,0,21,5],[26,0,26,5],[27,0,27,5],[22,0,22,5],[23,0,23,5],[24,0,24,5],[28,0,28,5],[29,0,29,5],[32,0,32,5],[30,0,30,5]]}
["DESPESAS FISCAIS E CUSTOS DIVERSOS: Kc",{"$nulls":4},"CODIGO:"]
[{"$nulls":5},"PFP-3"]
["NOME DA CONSULTORA:"]
[]
["PROJETO:",null,"CONTRATANTE:",null,null,{"$f":"'PFP2.3_FatorKc'!F5","v":"BASE:"}]
[{"$f":"PFP!A6","v":"Atualização do projeto executivo da Barragem de Extrema, localizada no ribeirão Extrema, no município de São João D’Aliança-GO"},null,"CODEVASF (SEDE)",null,null,{"$f":"'PFP2.3_FatorKc'!F6","v":"SINAPI/GO: 12/23"}]
["Cod","DESCRIÇÃO1",null,"% preço2","% custo4","R$"]
["K4","TRIBUTOS",null,{"$f":"ROUND(D9+D10+D11,4)","v":0.124},{"$f":"ROUND(E9+E10+E11,4)","v":0.1416},{"$f":"E8*SUM(SUMIF(PFP!$B$8:$B$24,\"MO1\",PFP!$K$8:$K$24)*(1+'PFP2.1_FatorKa'!$E$35)+SUMIF(PFP!$B$8:$B$24,\"MO2\",PFP!$K$8:$K$24)*(1+'PFP2.2_FatorKb'!$E$34)+SUMIF(PFP!$B$8:$B$24,\"<>MO*\",PFP!$K$8:$K$24)+$F$13+$F$12)","v":144474.69078490912}]
["K4.1","ISS",null,0.05,{"$f":"ROUND((1/(1-$D$8))*D9,4)","v":5.7099999999999998E-2},{"$f":"E9*SUM(SUMIF(PFP!$B$8:$B$24,\"MO1\",PFP!$K$8:$K$24)*(1+'PFP2.1_FatorKa'!$E$35)+SUMIF(PFP!$B$8:$B$24,\"MO2\",PFP!$K$8:$K$24)*(1+'PFP2.2_FatorKb'!$E$34)+SUMIF(PFP!$B$8:$B$24,\"<>MO*\",PFP!$K$8:$K$24)+$F$13+$F$12)","v":58259.214998716881}]
["K4.2","PIS3 - aliquota efetiva aplicavel percentual-desconto",null,{"$f":"ROUND(1.65%*0.8,4)","v":1.32E-2},{"$f":"ROUND((1/(1-$D$8))*D10,4)","v":1.5100000000000001E-2},{"$f":"E10*SUM(SUMIF(PFP!$B$8:$B$24,\"MO1\",PFP!$K$8:$K$24)*(1+'PFP2.1_FatorKa'!$E$35)+SUMIF(PFP!$B$8:$B$24,\"MO2\",PFP!$K$8:$K$24)*(1+'PFP2.2_FatorKb'!$E$34)+SUMIF(PFP!$B$8:$B$24,\"<>MO*\",PFP!$K$8:$K$24)+$F$13+$F$12)","v":15406.552477769263}]
["K4.3","COFINS3 - aliquota efetiva aplicavel percentual-desconto",null,{"$f":"ROUND(7.6%*0.8,4)","v":6.08E-2},{"$f":"ROUND((1/(1-$D$8))*D11,4)","v":6.9400000000000003E-2},{"$f":"E11*SUM(SUMIF(PFP!$B$8:$B$24,\"MO1\",PFP!$K$8:$K$24)*(1+'PFP2.1_FatorKa'!$E$35)+SUMIF(PFP!$B$8:$B$24,\"MO2\",PFP!$K$8:$K$24)*(1+'PFP2.2_FatorKb'!$E$34)+SUMIF(PFP!$B$8:$B$24,\"<>MO*\",PFP!$K$8:$K$24)+$F$13+$F$12)","v":70808.923308422978}]
["K3","REMUNERAÇÃO DA EMPRESA (LUCRO)",null,null,6.7400000000000002E-2,{"$f":"E12*SUM(SUMIF(PFP!$B$8:$B$24,\"MO1\",PFP!$K$8:$K$24)*(1+'PFP2.1_FatorKa'!$E$35)+SUMIF(PFP!$B$8:$B$24,\"MO2\",PFP!$K$8:$K$24)*(1+'PFP2.2_FatorKb'!$E$34)+SUMIF(PFP!$B$8:$B$24,\"<>MO*\",PFP!$K$8:$K$24)+$F$13)","v":64426.00743042439},"Conforme estipulado no Acórdão nº 2622/2013 - TCU - Plenário, para obras do tipo \"CONSTRUÇÃO DE REDES DE ABASTECIMENTO DE ÁGUA, COLETA DE ESGOTO E CONSTRUÇÕES CORRELATAS\" (1º Quartil)."]
["K2","CUSTOS DA ADMINISTRAÇÃO CENTRAL",null,null,{"$f":"ROUND(SUM(E14:E16),4)","v":6.7100000000000007E-2},{"$f":"ROUND(E13*SUMIF(PFP!$B$8:$B$24,\"MO*\",PFP!$K$8:$K$24),2)","v":40846.43},"Conforme estipulado no Acórdão nº 2622/2013 - TCU - Plenário, para obras do tipo \"CONSTRUÇÃO DE REDES DE ABASTECIMENTO DE ÁGUA, COLETA DE ESGOTO E CONSTRUÇÕES CORRELATAS\" (3º Quartil)."]
["K2.1","Custos da administração central da empresa (diretoria, pessoal técnico de apoio e pessoal administrativo não diretamente vinculado à prestação dos serviços)",null,null,0.03,{"$f":"ROUND(E14*SUMIF(PFP!$B$8:$B$24,\"MO*\",PFP!$K$8:$K$24),2)","v":18262.189999999999}]
["K2.2","Outras despesas que afetam o custo de produção como treinamento, biblioteca, programa de qualidade, programa de benefícios, auditoria interna e externa",null,null,0.02,{"$f":"ROUND(E15*SUMIF(PFP!$B$8:$B$24,\"MO*\",PFP!$K$8:$K$24),2)","v":12174.79}]
["K2.3","Despesas fixas e variaveis com patrimônio, aluguéis, comunicação, manutenção e transporte não diretamente relacionados com o custo direto dos serviços",null,null,1.7100000000000001E-2,{"$f":"ROUND(E16*SUMIF(PFP!$B$8:$B$24,\"MO*\",PFP!$K$8:$K$24),2)","v":10409.450000000001}]
["Kd","TAXA RESSARCIMENTO DE DESPESAS SOBRE CUSTOS DIVERSOS",null,null,{"$f":"ROUND((1+E12)*(1+E8),4)","v":1.2184999999999999}]
["NOME DO INFORMANTE:",null,null,null,"QUALIFICAÇÃO:"]
[]
["ASSINATURA:",null,null,null,"DATA:"]
[]
["Observação:"]
["1 - RELACIONAR OS CUSTOS DE ADMINISTRAÇÃO COM RESPECTIVOS PERCENTUAIS INCIDENTES NA MÃO -DE-OBRA"]
["1 - DISCRIMINAR OS TRIBUTOS QUE INCIDEM SOBRE OS CUSTOS DA PRESTAÇÃO DOS SERVIÇOS"]
["2 - K4 = INDICAR % DE CADA TRIBUTO E A SOMA DOS MESMOS (ex: ISS 5% + PIS 1,65% + COFINS 7,60% = 14,25%)"]
["3 - PIS e COFINS, Regime de Incidencia Acumulativa (0,65% e 3,00% - sem percentual de desconto) ou em Regime de Incidencia Não Acumulativa (1,65% e 7,60% - aplicável percentual de desconto) de acordo com a forma de apuração do lucro no IRPJ. APRESENTAR COMPROVANTES de aproveitamento de créditos tributários dos últimos 12 meses em caso de aplicação de \"percentual de desconto\"."]
["4 - AS DESPESAS FISCAIS (K4) INCIDEM SOBRE O TOTAL DA FATURA E NÃO SOBRE OS CUSTOS INCORRIDOS, "]
["     DEVENDO SER CALCULADO O K4' APLICANDO-SE A SEGUINTE FÓRMULA:"]
["     K4' = { [ 1 / ( 1 - K4) ] - 1 } x 100"]
[{"$f":"CONCATENATE(\"     K4' = { [ 1 / ( 1 - \",D8,\" ) ] - 1 } x 100\")","v":"     K4' = { [ 1 / ( 1 - 0,124 ) ] - 1 } x 100"}]
["Kc - Taxa de Ressarcimento de Despesas sobre Custos Diversos (incide sobre os Insumos Codigo DP e EM)"]
["Kc = (1 + K3) x (1 + K4)"]
["K2 - Incide sobre o Custo Total (CT) da Mão de Obra (MO* = MO1 + MO2)"]
["K3 - Incide sobre o Custo Total (CT) Mão de Obra com encargos (MO1 x Ka ou MO2 x Kb), demais Custos (DP e EM), e Custos da Administração Central (K2)"]
["K4 -  Incide sobre o Custo Total (CT) Mão de Obra com encargos (MO1 x Ka ou MO2 x Kb), demais Custos (DP e EM), e Custos da Administração Central (K2) e Lucro (K3)"]

{"sheet":"CRO1_Ins-Pro","index":7,"n_rows":86,"n_cols":11,"rows_kept":86,"cut":false,"hidden":false,"merged":[[84,0,84,8],[83,0,83,10],[0,0,1,8],[35,7,35,10],[18,0,19,0],[18,1,19,1],[2,0,3,0],[2,1,3,1],[2,2,3,2],[2,3,3,3],[2,4,3,4],[2,5,3,5]]}
["INSUMOS POR ETAPA/PRODUTO",{"$nulls":9},"CÓDIGO:"]
[{"$nulls":10},"CRO-1"]
["Cod.","Categoria / Insumo","Uni","Qde","CUD","PU","FatorK","E1.RP","E2. EB","E3.PE","E4. TL"]
[{"$nulls":6},"Meses",{"$f":"'CRO2_Ins-Mes'!E5","v":1},{"$f":"'CRO2_Ins-Mes'!E11","v":2},{"$f":"'CRO2_Ins-Mes'!E21","v":4},{"$f":"'CRO2_Ins-Mes'!E23","v":1}]
[{"$f":"PFP!C8","v":"P0"},{"$f":"PFP!E8","v":"Engenheiro coordenador (P8061)"},"mês",{"$f":"SUM(H5:K5)","v":4},{"$f":"PFP!H8","v":18189.93},{"$f":"PFP!I8","v":23652.37},{"$f":"PFP!J8","v":1.3003},{"$f":"'CRO2_Ins-Mes'!E26","v":1},{"$f":"'CRO2_Ins-Mes'!E36","v":1},{"$f":"'CRO2_Ins-Mes'!E48","v":2},{"$f":"'CRO2_Ins-Mes'!E58","v":0}]
[{"$f":"PFP!C9","v":"P1"},{"$f":"PFP!E9","v":"Engenheiro sênior (P8067)"},"mês",7,{"$f":"PFP!H9","v":15877.29},{"$f":"PFP!I9","v":24514.54},{"$f":"PFP!J9","v":1.544},{"$f":"'CRO2_Ins-Mes'!E27","v":1},{"$f":"'CRO2_Ins-Mes'!E37","v":2},{"$f":"'CRO2_Ins-Mes'!E49","v":4},{"$f":"'CRO2_Ins-Mes'!E59","v":0}]
[{"$f":"PFP!C10","v":"P2"},{"$f":"PFP!E10","v":"Engenheiro pleno (P8066)"},"mês",14,{"$f":"PFP!H10","v":12629.6},{"$f":"PFP!I10","v":26770.959999999999},{"$f":"PFP!J10","v":2.1196999999999999},{"$f":"'CRO2_Ins-Mes'!E28","v":2},{"$f":"'CRO2_Ins-Mes'!E38","v":4},{"$f":"'CRO2_Ins-Mes'!E50","v":8},{"$f":"'CRO2_Ins-Mes'!E60","v":0}]
[{"$f":"PFP!C11","v":"P3"},{"$f":"PFP!E11","v":"Engenheiro júnior (P8065)"},"mês",18,{"$f":"PFP!H11","v":12002},{"$f":"PFP!I11","v":25440.639999999999},{"$f":"PFP!J11","v":2.1196999999999999},{"$f":"'CRO2_Ins-Mes'!E29","v":3},{"$f":"'CRO2_Ins-Mes'!E39","v":2},{"$f":"'CRO2_Ins-Mes'!E51","v":12},{"$f":"'CRO2_Ins-Mes'!E61","v":1}]
[{"$f":"PFP!C12","v":"T1"},{"$f":"PFP!E12","v":"Técnico de projetos/obra (P8147)"},"mês",6,{"$f":"PFP!H12","v":3184.9},{"$f":"PFP!I12","v":6751.03},{"$f":"PFP!J12","v":2.1196999999999999},{"$f":"'CRO2_Ins-Mes'!E30","v":0},{"$f":"'CRO2_Ins-Mes'!E40","v":2},{"$f":"'CRO2_Ins-Mes'!E52","v":4},{"$f":"'CRO2_Ins-Mes'!E62","v":0}]
[{"$f":"PFP!C13","v":"D"},{"$f":"PFP!E13","v":"Desenhista (40807)**"},"mês",2.5,{"$f":"PFP!H13","v":2454.27},{"$f":"PFP!I13","v":2990.53},{"$f":"PFP!J13","v":1.2184999999999999},{"$f":"'CRO2_Ins-Mes'!E31","v":0},{"$f":"'CRO2_Ins-Mes'!E41","v":0.5},{"$f":"'CRO2_Ins-Mes'!E53","v":2},{"$f":"'CRO2_Ins-Mes'!E63","v":0}]
[{"$f":"PFP!C14","v":"A1"},{"$f":"PFP!E14","v":"Secretária (P8135)"},"mês",2.5,{"$f":"PFP!H14","v":2697.38},{"$f":"PFP!I14","v":5717.64},{"$f":"PFP!J14","v":2.1196999999999999},{"$f":"'CRO2_Ins-Mes'!E32","v":0.5},{"$f":"'CRO2_Ins-Mes'!E42","v":0.5},{"$f":"'CRO2_Ins-Mes'!E54","v":1},{"$f":"'CRO2_Ins-Mes'!E64","v":0.5}]
[{"$f":"PFP!C15","v":"ECA"},{"$f":"PFP!E15","v":"Encargos Comp. e Adicionais"},"mês",21,{"$f":"PFP!H15","v":2771.7119047619044},{"$f":"PFP!I15","v":3377.33},{"$f":"PFP!J15","v":1.2184999999999999},{"$f":"SUM(H5:H11)","v":7.5},{"$f":"SUM(I5:I11)","v":12},null,{"$f":"SUM(K5:K11)","v":1.5}]
[{"$f":"PFP!C16","v":"AT2"},{"$f":"PFP!E16","v":"Auxilio Transporte Técnicos"},"mês",6,{"$f":"PFP!H16","v":"Já incluso*"},{"$f":"PFP!I16","v":0},{"$f":"PFP!J16","v":1.2184999999999999},{"$f":"H9","v":0},{"$f":"I9","v":2},{"$f":"J9","v":4},{"$f":"K9","v":0}]
[{"$f":"PFP!C17","v":"AT3"},{"$f":"PFP!E17","v":"Auxilio Transporte Secretária"},"mês",2.5,{"$f":"PFP!H17","v":"Já Incluso*"},{"$f":"PFP!I17","v":0},{"$f":"PFP!J17","v":1.2184999999999999},{"$f":"H11","v":0.5},{"$f":"I11","v":0.5},{"$f":"J11","v":1},{"$f":"K11","v":0.5}]
[{"$f":"PFP!C21","v":"M1"},{"$f":"PFP!E21","v":"Relatório Parcial"},"un",14,{"$f":"PFP!H21","v":51.3},{"$f":"PFP!I21","v":62.51},{"$f":"PFP!J21","v":1.2184999999999999},{"$f":"'CRO2_Ins-Mes'!E33","v":1},{"$f":"'CRO2_Ins-Mes'!E43","v":4},{"$f":"'CRO2_Ins-Mes'!E55","v":9},{"$f":"'CRO2_Ins-Mes'!E65","v":0}]
[{"$f":"PFP!C22","v":"M2"},{"$f":"PFP!E22","v":"Relatório Final"},"un",1,{"$f":"PFP!H22","v":1502.05},{"$f":"PFP!I22","v":1830.25},{"$f":"PFP!J22","v":1.2184999999999999},{"$f":"'CRO2_Ins-Mes'!E34","v":0},{"$f":"'CRO2_Ins-Mes'!E44","v":0},{"$f":"'CRO2_Ins-Mes'!E56","v":1},{"$f":"'CRO2_Ins-Mes'!E66","v":0}]
[{"$f":"PFP!C23","v":"TOP"},{"$f":"PFP!E23","v":"Total Serviços Cartográficos"},"un",1,{"$f":"PFP!H23","v":"-"},{"$f":"PFP!I23","v":111268.32373528354},{"$f":"PFP!J23","v":"-"},0,{"$f":"'CRO2_Ins-Mes'!E45","v":1},null,0]
[{"$f":"PFP!C24","v":"GEO"},{"$f":"PFP!E24","v":"Total Serviços Geotécnicos"},"un",1,{"$f":"PFP!H24","v":"-"},{"$f":"PFP!I24","v":666425.72444738436},{"$f":"PFP!J24","v":"-"},0,{"$f":"'CRO2_Ins-Mes'!E46","v":1},null,0]
["TOTAL","VALOR TOTAL POR PRODUTO","R$",2012536.1931826682,null,null,null,{"$f":"(H5*$F$5+H6*$F$6+H7*$F$7+H8*$F$8+H9*$F$9+H10*$F$10+H11*$F$11+H12*$F$12+H13*$F$13+H14*$F$14+H15*$F$15+H16*$F$16+H17*$F$17)","v":206282.05500000002},{"$f":"(I5*$F$5+I6*$F$6+I7*$F$7+I8*$F$8+I9*$F$9+I10*$F$10+I11*$F$11+I12*$F$12+I13*$F$13+I14*$F$14+I15*$F$15+I16*$F$16+I17*$F$17+F18*I18)","v":1066974.763182668},{"$f":"(J5*$F$5+J6*$F$6+J7*$F$7+J8*$F$8+J9*$F$9+J10*$F$10+J11*$F$11+J12*$F$12+J13*$F$13+J14*$F$14+J15*$F$15+J16*$F$16+J17*$F$17+$F$18*J18)","v":705913.92},{"$f":"(K5*$F$5+K6*$F$6+K7*$F$7+K8*$F$8+K9*$F$9+K10*$F$10+K11*$F$11+K12*$F$12+K13*$F$13+K14*$F$14+K15*$F$15+K16*$F$16+K17*$F$17+$F$18*K18)","v":33365.455000000002}]
[null,null,"%",0.64924000000000004,null,null,null,{"$f":"ROUND(H19/$D$19,5)","v":0.10249999999999999},{"$f":"ROUND(I19/$D$19,5)","v":0.53015999999999996},null,{"$f":"ROUND(K19/$D$19,5)","v":1.6580000000000001E-2}]
{"$rows_empty":62}
["OBSERVAÇÃO:"]
["P - Profissionais nível superior nas áreas de Engenharia, Química, Arquitetura, Agronomia e Veterinária, conforme disposições da Lei 4.950-A/66"]
["T - Profissionais de nível médio técnico nas diversas áreas de atuação"]
["A - Profissionais de nível médio de apoio técnico-administrativo"]

{"sheet":"CRO2_Ins-Mes","index":8,"n_rows":68,"n_cols":15,"rows_kept":68,"cut":false,"hidden":false,"merged":[[91,5,91,12],[0,0,1,14]]}
["CRONOGRAMA SIMPLIFICADO"]
[]
["Cod1","Cod2","Produtos","Uni","Qde",1,2,3,4,5,6,7,8,9,10]
[1,"1.1","Revisão, Análise Crítica do Projeto Executivo e Planejamento da atualização","mês",{"$f":"SUM(F4:M4)","v":1},1]
[1,"1","Revisão, Análise Crítica do Projeto Executivo e Planejamento da atualização","mês",1,{"$f":"SUBTOTAL(4,F4:F4)","v":1},0,0,0,0,0,0,0]
[2,"2.1","Serviços Topográficos/Cartográficos","mês",2,null,1,1]
[2,"2.2","Serviços Geológicos/Geotécnicos","mês",2,null,1,1]
[2,"2.3","Estudos Hidrológicos e Hidrogeológicos","mês",2,null,1,1]
[2,"2.4","Diagnóstico Fundiária","mês",2,null,1,1]
[2,"2.5","Diagnóstico Ambiental","mês",2,null,1,1]
[2,2,"Estudos Básicos (EB)","mês",2,{"$f":"SUBTOTAL(4,F6:F8)","v":0},{"$f":"SUBTOTAL(4,G6:G9)","v":1},{"$f":"SUBTOTAL(4,H6:H10)","v":1},{"$f":"SUBTOTAL(4,I6:I10)","v":0},0,0,0,0]
[3,"3.1","Memorial Descritivo","mês",{"$f":"SUM(F12:M12)","v":4},null,null,null,1,1,1,1]
[3,"3.2","Desenhos","mês",4,null,null,null,1,1,1,1]
[3,"3.3","Estudos Cartográficos e Topográficos","mês",4,null,null,null,1,1,1,1]
[3,"3.4","Estudos Geológico e Geotécnicos",{"$nulls":5},1,1,1,1]
[3,"3.5","Estudos Hidrológicos e demais estudos",{"$nulls":5},1,1,1,1]
[3,"3.6","Especificações Técnicas",{"$nulls":5},1,1,1,1]
[3,"3.7","Memorial de Cálculo",{"$nulls":5},1,1,1,1]
[3,"3.8","Orçamento Detalhado e cronograma físico-financeiro",{"$nulls":5},1,1,1,1]
[3,"3.9","Relatório Síntese","mês",4,null,null,null,1,1,1,1]
[3,3,"Atualização do Projeto Executivo","mês",{"$f":"SUM(F21:M21)","v":4},{"$f":"SUBTOTAL(4,F12:F20)","v":0},0,0,1,1,1,1,0]
[4,"4.1","Caderno de Encargos, Minuta do Termo de Referência e demais documentos","mês",{"$f":"SUM(F22:M22)","v":1},{"$nulls":7},1]
[4,4,"Elaboração de documentos licitatórios","mês",{"$f":"SUM(F23:M23)","v":1},{"$f":"SUBTOTAL(4,F14:F22)","v":0},{"$f":"SUBTOTAL(4,G14:G22)","v":0},{"$f":"SUBTOTAL(4,H14:H22)","v":0},{"$f":"SUBTOTAL(4,I22)","v":0},{"$f":"SUBTOTAL(4,J22)","v":0},{"$f":"SUBTOTAL(4,K22)","v":0},{"$f":"SUBTOTAL(4,L22)","v":0},{"$f":"SUBTOTAL(4,M22)","v":1}]
["Total","Total","Balanço Temporal","mês",{"$f":"SUM(F24:M24)","v":7},{"$f":"SUBTOTAL(4,F4:F21)","v":1},1,1,1,1,1,1,0,0,0]
["Cod1","Cod2","Insumos","Uni","Qde",1,2,3,4,5,6,7,8]
[1,{"$f":"PFP!C8","v":"P0"},{"$f":"PFP!E8","v":"Engenheiro coordenador (P8061)"},{"$f":"PFP!F8","v":"mês"},{"$f":"SUM(F26:M26)","v":1},1]
[1,{"$f":"PFP!C9","v":"P1"},{"$f":"PFP!E9","v":"Engenheiro sênior (P8067)"},{"$f":"PFP!F9","v":"mês"},1,1]
[1,{"$f":"PFP!C10","v":"P2"},{"$f":"PFP!E10","v":"Engenheiro pleno (P8066)"},{"$f":"PFP!F10","v":"mês"},2,2]
[1,{"$f":"PFP!C11","v":"P3"},{"$f":"PFP!E11","v":"Engenheiro júnior (P8065)"},{"$f":"PFP!F11","v":"mês"},3,3]
[1,"T1","Técnico de projetos/obra (P8147)",{"$f":"PFP!F12","v":"mês"},0,0]
[1,{"$f":"PFP!C13","v":"D"},{"$f":"PFP!E13","v":"Desenhista (40807)**"},{"$f":"PFP!F13","v":"mês"},0,0]
[1,"A1",{"$f":"PFP!E14","v":"Secretária (P8135)"},"mês",0.5,0.5]
[1,{"$f":"PFP!C21","v":"M1"},{"$f":"PFP!E21","v":"Relatório Parcial"},{"$f":"PFP!F21","v":"un"},1,1]
[1,{"$f":"PFP!C22","v":"M2"},{"$f":"PFP!E22","v":"Relatório Final"},{"$f":"PFP!F22","v":"un"},0]
[1,null,"Revisão, Análise Crítica do Projeto Executivo e Planejamento da atualização"]
[2,{"$f":"PFP!C8","v":"P0"},{"$f":"PFP!E8","v":"Engenheiro coordenador (P8061)"},{"$f":"PFP!F8","v":"mês"},{"$f":"SUM(F36:M36)","v":1},null,0.5,0.5]
[2,{"$f":"PFP!C9","v":"P1"},{"$f":"PFP!E9","v":"Engenheiro sênior (P8067)"},{"$f":"PFP!F9","v":"mês"},2,null,1,1]
[2,{"$f":"PFP!C10","v":"P2"},{"$f":"PFP!E10","v":"Engenheiro pleno (P8066)"},{"$f":"PFP!F10","v":"mês"},4,null,2,2]
[2,{"$f":"PFP!C11","v":"P3"},{"$f":"PFP!E11","v":"Engenheiro júnior (P8065)"},{"$f":"PFP!F11","v":"mês"},2,null,1,1,{"$f":"I38/2","v":0},{"$f":"J38/2","v":0},{"$f":"K38/2","v":0},{"$f":"L38/2","v":0},{"$f":"M38/2","v":0}]
[2,{"$f":"PFP!C12","v":"T1"},{"$f":"PFP!E12","v":"Técnico de projetos/obra (P8147)"},{"$f":"PFP!F12","v":"mês"},2,null,1,1]
[2,{"$f":"PFP!C13","v":"D"},{"$f":"PFP!E13","v":"Desenhista (40807)**"},{"$f":"PFP!F13","v":"mês"},0.5,null,0.25,0.25]
[2,{"$f":"PFP!C14","v":"A1"},{"$f":"PFP!E14","v":"Secretária (P8135)"},{"$f":"PFP!F14","v":"mês"},0.5,null,0.25,0.25]
[2,{"$f":"PFP!C21","v":"M1"},{"$f":"PFP!E21","v":"Relatório Parcial"},{"$f":"PFP!F21","v":"un"},4,null,0,4]
[2,{"$f":"PFP!C22","v":"M2"},{"$f":"PFP!E22","v":"Relatório Final"},{"$f":"PFP!F22","v":"un"},0,null,0]
[2,{"$f":"PFP!C23","v":"TOP"},{"$f":"PFP!E23","v":"Total Serviços Cartográficos"},{"$f":"PFP!F23","v":"un"},1,null,1]
[2,{"$f":"PFP!C24","v":"GEO"},{"$f":"PFP!E24","v":"Total Serviços Geotécnicos"},{"$f":"PFP!F24","v":"un"},1,null,1]
[2,null,"Estudos Básicos (EB)"]
[4,{"$f":"PFP!C8","v":"P0"},{"$f":"PFP!E8","v":"Engenheiro coordenador (P8061)"},{"$f":"PFP!F8","v":"mês"},{"$f":"SUM(F48:M48)","v":2},null,null,null,0.5,0.5,0.5,0.5]
[4,{"$f":"PFP!C9","v":"P1"},{"$f":"PFP!E9","v":"Engenheiro sênior (P8067)"},{"$f":"PFP!F9","v":"mês"},4,null,null,null,1,1,1,1]
[4,{"$f":"PFP!C10","v":"P2"},{"$f":"PFP!E10","v":"Engenheiro pleno (P8066)"},{"$f":"PFP!F10","v":"mês"},8,null,null,null,2,2,2,2]
[4,{"$f":"PFP!C11","v":"P3"},{"$f":"PFP!E11","v":"Engenheiro júnior (P8065)"},{"$f":"PFP!F11","v":"mês"},12,null,null,null,3,3,3,3]
[4,{"$f":"PFP!C12","v":"T1"},{"$f":"PFP!E12","v":"Técnico de projetos/obra (P8147)"},{"$f":"PFP!F12","v":"mês"},4,null,null,null,1,1,1,1]
[4,{"$f":"PFP!C13","v":"D"},{"$f":"PFP!E13","v":"Desenhista (40807)**"},{"$f":"PFP!F13","v":"mês"},2,null,null,null,0.5,0.5,0.5,0.5]
[4,{"$f":"PFP!C14","v":"A1"},{"$f":"PFP!E14","v":"Secretária (P8135)"},{"$f":"PFP!F14","v":"mês"},1,null,null,null,0.25,0.25,0.25,0.25]
[4,{"$f":"PFP!C21","v":"M1"},{"$f":"PFP!E21","v":"Relatório Parcial"},{"$f":"PFP!F21","v":"un"},9,{"$nulls":6},9]
[4,{"$f":"PFP!C22","v":"M2"},{"$f":"PFP!E22","v":"Relatório Final"},{"$f":"PFP!F22","v":"un"},1,{"$nulls":6},1]
[4,null,"Atualização do Projeto Executivo"]
[5,"P0","Engenheiro coordenador (P8061)","mês",{"$f":"SUM(F58:O58)","v":0},{"$nulls":7},0]
[5,"P1","Engenheiro sênior (P8067)","mês",{"$f":"SUM(F59:O59)","v":0}]
[5,"P2","Engenheiro pleno (P8066)","mês",0]
[5,"P3","Engenheiro júnior (P8065)","mês",1,{"$nulls":7},1]
[5,"T1","Técnico de projetos/obra (P8147)","mês",0]
[5,"D","Desenhista (40807)","mês",0]
[5,"A1","Secretária (P8135)","mês",0.5,{"$nulls":7},0.5]
[5,"M1","Relatório Parcial","un",0]
[5,"M2","Relatório Final","un",0]
[5,null,"Elaboração de documentos licitatórios"]
["Total",null,"Balanço de Insumos",null,null,{"$f":"SUBTOTAL(2,F26:F67)","v":8},11,8,8,8,8,10,4,0,0]

{"sheet":"CPU VEICULO_PickUp","index":9,"n_rows":84,"n_cols":31,"rows_kept":84,"cut":false,"hidden":false,"merged":[[49,20,49,27],[1,0,1,3],[3,0,3,3],[4,0,4,2],[4,5,4,8],[5,0,5,3],[49,9,49,19],[18,21,20,30]]}
[]
["Composição de Preços de Locação de Veículos"]
[null,null,"Data de atualização:","2024-11-05",null,"CV","Média","Mediana",null,null,null,"CV","Média","Mediana",{"$nulls":8},"CV","Média","Mediana"]
["CODEVASF ",{"$nulls":4},{"$f":"_xlfn.STDEV.S(F7:I7)/AVERAGE(F7:I7)","v":0.20848860252512907},{"$f":"AVERAGE(F7:I7)","v":155883.5},{"$f":"MEDIAN(F7:I7)","v":160632},null,null,null,{"$f":"_xlfn.STDEV.S(M6:T6)/AVERAGE(M6:T6)","v":0.18675294816810684},{"$f":"AVERAGE(M6:T6)","v":46.051249999999996},{"$f":"MEDIAN(M6:T6)","v":44.870000000000005},{"$nulls":8},{"$f":"_xlfn.STDEV.S(X6:AD6)/AVERAGE(X6:AD6)","v":0.30097792292189546},{"$f":"AVERAGE(X6:AE6)","v":583.13499999999999},{"$f":"MEDIAN(X6:AE6)","v":489.9}]
["OBS:               Preço sem BDI e sem motorista                                                                   BDI=",{"$nulls":4},"Preço FIPE - Novembro/2024",{"$nulls":4},"PRODUTO ","MENOR (MÉDIA, MEDIANA)","COT. 1","COT. 2","COT. 3","COT. 4","COT. 5","COT. 6","COT. 7","COT. 8",null,"PRODUTO","MENOR","COT. 1","COT. 2","COT. 3","COT. 4","COT. 5","COT. 6","COT. 7","COT. 8"]
["Veículo tipo pick-up, cabine dupla - 2.0 16V 4x4 diesel Aut. ",{"$nulls":4},"Toro Endurance 2.0 16V 4x4 Diesel Aut.","Toro Freedom 2.0 16V 4x4 TB Diesel Aut.","Toro Volcano 2.0 16V 4x4 TB Diesel Aut."," Toro Ranch 2.0 16V 4x4 TB Diesel Aut.\n",null,"LUBRIFICANTE 5W30",{"$f":"SMALL(M4:N4,1)","v":44.870000000000005},47.39,44.9,44.84,64.8,47.59,{"$f":"172/4","v":43},40.99,34.9,null,"Pneu 225/65 R17",{"$f":"SMALL(X4:Y4,1)","v":489.9},880.11,439,431.91,698.9,{"$f":"1522.62/2","v":761.31},474.05,499.9,479.9]
[null,null,"Custo Mensal (R$):",{"$f":"D48","v":6511.1983227793426},null,115506,144205,177059,186764]
[null,null,"Custo Diária (R$):",{"$f":"D7/22","v":295.96356012633373}]
[null,null,"Custo Horário (R$):",{"$f":"D7/176","v":36.995445015791717}]
["A",null,"Depreciação mensal do equipamento"]
["A1",null,"Preço de Aquisição ",{"$f":"SMALL(G4:H4,1)","v":155883.5}]
["A2",null,"Tempo previsto de vida útil (meses)",36]
["A3",null,"Previsão de recup. Na venda do bem usado",0.4]
["A4",null,"Custo mensal [A1-(A3xA1)]/A2",{"$f":"(D11-(D13*D11))/D12","v":2598.0583333333334}]
["B",null,"Juros pelo Capital empregado"]
["B1",null,"Taxa mensal de Juros *",{"$f":"POWER(1+D54,1/12)-1","v":8.9237257287477778E-3}]
["B2",null,"Juros s/depreciação/aluguel (B1xA4)",{"$f":"D16*D14","v":23.184359993954239}]
["C",null,"Conservação e manutenção **",0.75]
["C1",null,"Taxa de gastos s/a deprec. Inc. seguros (%)",{"$f":"D18","v":0.75},{"$nulls":17},"https://www.google.com.br/search?q=pneu+aro+17+220%2F65r17+google+shopping&sca_esv=e68da871ff9f3394&biw=1920&bih=947&ei=c0UqZ4mqCofV1sQProLt8Qw&oq=pneu+aro+17+220%2F65R17+google+sho&gs_lp=Egxnd3Mtd2l6LXNlcnAiIHBuZXUgYXJvIDE3IDIyMC82NVIxNyBnb29nbGUgc2hvKgIIADIFECEYoAFI4jJQ3wVY5SpwAXgBkAEAmAG4AaAB3AuqAQQwLjExuAEDyAEA-AEBmAIMoAKQDMICChAAGLADGNYEGEfCAgcQIRigARgKwgIEECEYFZgDAIgGAZAGCJIHBDEuMTGgB7sg&sclient=gws-wiz-serp"]
["C2",null,"Incidência mensal (C1xA4)",{"$f":"D19*D14","v":1948.54375}]
["D",null,"Combustível"]
["D1",null,"Média mensal de quilômetro por veículo",{"$f":"130*22","v":2860},{"$nulls":17},"Visitado em 05/11/2024"]
["D2",null,"Preço do litro de combustível",{"$f":"G60","v":6.03}]
["D3",null,"Quilômetros rodados com um litro combustivel",10]
["D4",null,"Combustivel    (D1/D3)*D2",{"$f":"(D22/D24)*D23","v":1724.5800000000002}]
["E",null,"Lubrificantes"]
["E1",null,"Quilometragem do Contrato (D1*36)",{"$f":"D22*36","v":102960}]
["E2",null,"Franquia por troca de óleo (km)",10000]
["E3",null,"Preço do litro de óleo",{"$f":"L6","v":44.870000000000005}]
["E4",null,"Quantidade de litros de óleo por troca",5]
["E5",null,"Quantidade de dias do Contrato",{"$f":"365*3","v":1095}]
["E6",null,"Lubrificantes  E = (E1*E3*E4*30)/E2*E5",{"$f":"(D27*D29*D30*30)/(D28*D31)","v":63.285139726027396}]
["F",null,"Pneus"]
["F1",null,"Quilometragem do Contrato ",{"$f":"D27","v":102960}]
["F2",null,"Vida do Pneu em quilômetros",45000]
["F3",null,"Quantidade de pneus",5]
["F4",null,"Preço do Pneu",{"$f":"W6","v":489.9}]
["F5",null,"Quantidade de dias do contrato ",{"$f":"D31","v":1095}]
["F6",null,"Pneus = (F1*F3*F4*30)/(F2*F5)",{"$f":"(D34*D36*D37*30)/(D35*D38)","v":153.5467397260274}]
["G",null,"Motorista"]
["G1",null,"Salário com encargos sociais",0]
["H",null,"Custo Mensal","  ",{"$nulls":6},"https://www.google.com.br/search?q=%C3%B3leo+5w30+google+shopping&sca_esv=da8c4756dfedf56b&source=univ&tbm=shop&tbo=u&ved=1t:6869&ictx=111"]
[null,null,"Sem Motorista (A4+B2+C2+D4+E6+F6)",{"$f":"(D14+D17+D20+D25+D32+D39)","v":6511.1983227793426},{"$nulls":6},"Visitado em 05/11/2024"]
[null,null,"Com Motorista (A4+B2+C2+D4+E6+F6+G1)",{"$f":"(D14+D17+D20+D25+D32+D39+D41)","v":6511.1983227793426}]
["I",null,"Custo Direto p/ km Rodado"]
[null,null,"Sem Motorista",{"$f":"D43/D22","v":2.2766427702025673}]
[null,null,"Com Motorista",{"$f":"D44/D22","v":2.2766427702025673}]
["J",null,"Preço cobrado sem BDI",{"$f":"D43*(1+D5)","v":6511.1983227793426}]
["J1",null,"Sem Motorista",{"$f":"D48","v":6511.1983227793426}]
["J2",null,"Com Motorista",{"$f":"D44","v":6511.1983227793426}]
[]
[null,null,"OBSERVAÇÕES:"]
["*",null,"Calculado com base na taxa SELIC NOVEMBRO/2024 - 11,25 % a.a"]
[null,null," Taxa de Juros Selic — Português (Brasil) (www.gov.br) ",0.1125]
["**",null,"Conservação e manutenção - é calculado com o uso de um coeficiente multiplicador \"k\", conforme tabela abaixo, sobre a "]
[null,null,"depreciação mensal do equipamento (Item A da planilha de composição de preços). Os valores de K são fornecidos por"]
[null,null," fabricantes. "]
[null,null,"Metodologia conforme a bibliografia \"Como Preparar Orçamentos de Obras\", 3 edição, Aldo Dórea Mattos, 2019."]
[null,null,"Preço calculado sem BDI"]
[{"$nulls":5},"PREÇO DO DIESEL",6.03]
{"$rows_empty":23}
[{"$nulls":5},"https://precos.petrobras.com.br/sele%C3%A7%C3%A3o-de-estados-diesel"]

{"sheet":"CPU VEICULO_Leve","index":10,"n_rows":85,"n_cols":33,"rows_kept":85,"cut":false,"hidden":false,"merged":[[53,10,56,20],[48,9,48,20],[48,21,48,28],[4,5,4,8],[1,0,1,3],[3,0,3,3],[4,0,4,2],[5,0,5,3]]}
[]
["Composição de Preços de Locação de Veículos"]
[null,"2023-08-23","Data de atualização:","2024-11-05",null,"CV","Média","Mediana",null,null,null,"CV","Média","Mediana",{"$nulls":9},"CV","Média","Mediana"]
["CODEVASF ",{"$nulls":4},{"$f":"_xlfn.STDEV.S(F7:I7)/AVERAGE(F7:I7)","v":0.17234947818462842},{"$f":"AVERAGE(F7:I7)","v":72238},{"$f":"MEDIAN(F7:I7)","v":74481.5},null,null,null,{"$f":"_xlfn.STDEV.S(M6:U6)/AVERAGE(M6:U6)","v":0.32662575071914779},{"$f":"AVERAGE(M6:U6)","v":32.172222222222224},{"$f":"MEDIAN(M6:U6)","v":29.54},{"$nulls":9},{"$f":"_xlfn.STDEV.S(Y6:AG6)/AVERAGE(Y6:AG6)","v":0.16874225052573363},{"$f":"AVERAGE(Y6:AG6)","v":268.39333333333332},{"$f":"MEDIAN(Y6:AG6)","v":267.32}]
["OBS:               Preço sem BDI e sem motorista                                                           BDI=",{"$nulls":4},"Preço FIPE - fevereiro/2023",{"$nulls":4},"PRODUTO - Pesquisa fev/2023","MENOR (MÉDIA, MEDIANA)","COT. 1","COT. 2","COT. 3","COT. 4","COT. 5","COT. 6","COT. 7","COT. 8","COT. 9",null,"PRODUTO - Pesquisa fev/2023","MENOR","COT. 1","COT. 2","COT. 3","COT. 4","COT. 5","COT. 6","COT. 7","COT. 8","COT. 9"]
["Veículo Leve 1.0 T. Flex 12V 5p",{"$nulls":4},"Volksvagen Gol 1.0","HB20 Platinum 1.0 TB Flex 12V Mec.","ONIX HATCH LT 1.0 12V Flex 5p Mec.","MOBI TREKKING 1.0 Flex 5p.",null,"LUBRIFICANTE 15W40",{"$f":"SMALL(M4:N4,1)","v":29.54},29,49.45,48.56,17.39,28.9,30.91,31.9,29.54,23.9,null,"Pneu 185/65 R14",{"$f":"SMALL(Y4:Z4,1)","v":267.32},267.32,279,204.55,249.9,254.36,286.35000000000002,230.31,276.12,367.63]
[null,null,"Custo Mensal (R$):",{"$f":"D48","v":3470.077641964112},null,55477,77900,84512,71063]
[null,null,"Custo Diário (R$):",{"$f":"D7/22","v":157.73080190745964}]
[null,null,"Custo Horário (R$):",{"$f":"D7/176","v":19.716350238432454}]
["A",null,"Depreciação mensal do equipamento"]
["A1",null,"Preço de Aquisição ",{"$f":"SMALL(G4:H4,1)","v":72238}]
["A2",null,"Tempo previsto de vida útil (meses)",36]
["A3",null,"Previsão de recup. Na venda do bem usado",0.4]
["A4",null,"Custo mensal [A1-(A3xA1)]/A2",{"$f":"(D11-(D13*D11))/D12","v":1203.9666666666667}]
["B",null,"Juros pelo Capital empregado"]
["B1",null,"Taxa mensal de Juros *",{"$f":"POWER(1+D53,1/12)-1","v":8.9237257287477778E-3}]
["B2",null,"Juros s/depreciação/aluguel (B1xA4)",{"$f":"D16*D14","v":10.743868319888033}]
["C",null,"Conservação e manutenção **",0.75]
["C1",null,"Taxa de gastos s/a deprec. Inc. seguros (%)",{"$f":"D18","v":0.75},{"$nulls":18},"https://www.google.com/search?q=Pneu+185/65+R14&sca_esv=e681ec4bfbfc45ae&hl=pt-BR&biw=1600&bih=757&udm=2&source=lnms&ved=1t:200715&ictx=111"]
["C2",null,"Incidência mensal (C1xA4)",{"$f":"D19*D14","v":902.97500000000002},{"$nulls":18},"Visitado em 05/11/2024"]
["D",null,"Combustível"]
["D1",null,"Média mensal de quilômetro por veículo",{"$f":"130*22","v":2860}]
["D2",null,"Preço do litro de combustível",6.09]
["D3",null,"Quilômetros rodados com um litro combustivel",{"$f":"(12.8+13.3+15.3+15)/4","v":14.100000000000001}]
["D4",null,"Combustivel    (D1/D3)*D2",{"$f":"(D22/D24)*D23","v":1235.2765957446807}]
["E",null,"Lubrificantes"]
["E1",null,"Quilometragem do Contrato (D1*36)",{"$f":"D22*36","v":102960}]
["E2",null,"Franquia por troca de óleo (km)",10000]
["E3",null,"Preço do litro de óleo",{"$f":"L6","v":29.54}]
["E4",null,"Quantidade de litros de óleo por troca",4]
["E5",null,"Quantidade de dias do Contrato",{"$f":"365*3","v":1095}]
["E6",null,"Lubrificantes  E = (E1*E3*E4*30)/E2*E5",{"$f":"(D27*D29*D30*30)/(D28*D31)","v":33.330831780821917}]
["F",null,"Pneus"]
["F1",null,"Quilometragem do Contrato ",{"$f":"D27","v":102960}]
["F2",null,"Vida do Pneu em quilômetros",45000]
["F3",null,"Quantidade de pneus",5]
["F4",null,"Preço do Pneu",{"$f":"X6","v":267.32}]
["F5",null,"Quantidade de dias do contrato ",{"$f":"D31","v":1095}]
["F6",null,"Pneus = (F1*F3*F4*30)/(F2*F5)",{"$f":"(D34*D36*D37*30)/(D35*D38)","v":83.784679452054789}]
["G",null,"Motorista"]
["G1",null,"Salário com encargos sociais",0]
["H",null,"Custo Mensal"," "]
[null,null,"Sem Motorista (A4+B2+C2+D4+E6+F6)",{"$f":"(D14+D17+D20+D25+D32+D39)","v":3470.077641964112}]
[null,null,"Com Motorista (A4+B2+C2+D4+E6+F6+G1)",{"$f":"(D14+D17+D20+D25+D32+D39+D41)","v":3470.077641964112}]
["I",null,"Custo Direto p/ km Rodado"]
[null,null,"Sem Motorista",{"$f":"D43/D22","v":1.2133138608266125}]
[null,null,"Com Motorista",{"$f":"D44/D22","v":1.2133138608266125}]
["J",null,"Preço cobrado sem BDI",{"$f":"D43*(1+D5)","v":3470.077641964112}]
["J1",null,"Sem Motorista",{"$f":"D48","v":3470.077641964112}]
["J2",null,"Com Motorista",{"$f":"D44","v":3470.077641964112}]
[]
[]
["*",null,"Calculado com base na taxa SELIC NOVEMBRO/2024: 11,25% a.a.",0.1125]
[null,null,"SELIC AGOSTO / 2022  -  Taxa de Juros Selic — Português (Brasil) (www.gov.br) ",{"$nulls":7},"https://www.google.com.br/search?q=%C3%B3leo+15W40+1L&sca_esv=e68da871ff9f3394&biw=1920&bih=947&tbm=shop&ei=eE0qZ-r5HcvS1sQPtri5gAE&ved=0ahUKEwjqle_k08WJAxVLqZUCHTZcDhAQ4dUDCAg&uact=5&oq=%C3%B3leo+15W40+1L&gs_lp=Egtwcm9kdWN0cy1jYyIOw7NsZW8gMTVXNDAgMUxIxA9Q2QVY-QxwAHgAkAEAmAFxoAG0A6oBAzAuNLgBA8gBAPgBAZgCA6AC0wLCAgoQABiABBhDGIoFwgIFEAAYgATCAgYQABgWGB6YAwCIBgGSBwMwLjOgB6cO&sclient=products-cc"]
[]
["**",null,"Conservação e manutenção - é calculado com o uso de um coeficiente multiplicador \"k\", conforme tabela abaixo, sobre a "]
[null,null,"depreciação mensal do equipamento (Item A da planilha de composição de preços). Os valores de K são fornecidos por"]
[null,null," fabricantes. ",{"$nulls":7},"Visitado em 05/11/2024"]
[null,null,"Metodologia conforme a bibliografia \"Como Preparar Orçamentos de Obras\", 3 edição, Aldo Dórea Mattos, 2019."]
[null,null,"Preço calculado sem BDI"]
{"$rows_empty":23}
[{"$nulls":5},"https://precos.petrobras.com.br/sele%C3%A7%C3%A3o-de-estados-gasolina"]
[{"$nulls":5},"Visitado em 05/11/2024"]

{"sheet":"CPU HOSPEDAGEM","index":11,"n_rows":19,"n_cols":4,"rows_kept":19,"cut":false,"hidden":false,"merged":[[2,1,2,2]]}
[]
[null,"Engenharia Consultiva da Codevasf"]
[null,"CPU - HOSPEDAGEM EQUIPE DE CAMPO (4 PESSOAS/MÊS)",null,"Código/Referencia"]
[null,"ALUGUEL ",3074.56,"F020003334/EMBASA insumo"]
[null," Aquisição de Mobiliário",{"$f":"42.41*C16","v":169.64},"B8954/DNIT"]
[null,"Material de limpeza e diarista",{"$f":"127.39+(123*8)","v":1111.3900000000001},"10563/ORSE - E200300131/EMBASA"]
[null,"manutenção da casa alugada - Serviços Gerais/Vigia ",3001.91,"41096/SINAPI - ORSE/INSUMO"]
[null,"Energia ",180,"10555/ORSE"]
[null,"Água",394.99,"10554/ORSE"]
[null,"telefone/Internet",{"$f":"154.99+89","v":243.99},"10557/10558/ORSE"]
[null,"IPTU (mês)",{"$f":"(C4*0.5)/12","v":128.10666666666665}]
[]
[null,"Custo Mensal:",{"$f":"SUM(C4:C12)","v":8304.5866666666661}]
[null,"Custo Mensal por pessoa:",{"$f":"C13/C16","v":2076.1466666666665}]
[null,"Custo diário por pessoa:",{"$f":"C14/22","v":94.37030303030302}]
[null,"número de pessoas:",4]
[null,"Alimentação:",100.59,"Tabela Diária Codevasf 2024"]
[]
[null,"Diária Total (alimentação + hospedagem):",{"$f":"C15+C17","v":194.96030303030301}]

{"sheet":"Serv Graficos","index":12,"n_rows":42,"n_cols":9,"rows_kept":42,"cut":false,"hidden":false,"merged":[[27,0,27,3],[2,0,2,4],[14,0,14,4],[19,0,19,3],[21,1,21,2],[22,0,22,4],[37,0,37,4],[38,0,38,4],[39,0,39,4],[40,0,40,4],[41,0,41,4]]}
[]
[]
["Serviços Gráficos"]
[]
["Serviço",null,"Referencia","Código","Valor",null,null,"1 Vol Impressão Rel Final"]
["Impressão colorida",null,"SETOP/COMPOSIÇÃO","CO-2019",1.8,null,"Preto",{"$f":"C17*E7","v":91.35}]
["Impressão preta",null,"SETOP/COMPOSIÇÃO","CO-2017",0.28999999999999998,null,"Colorida",{"$f":"D17*E6","v":63}]
["Encadernação até 350 fls.",null,"EMBASA/COMPOSIÇÃO","30.02.30 / 30.02.27",{"$f":"20+7.2","v":27.2},"Foi considerado a soma de 2 composições, com encadernação de 250 e 100 folhas","Encader",{"$f":"E8","v":27.2}]
["Encadernação até 50 fls.",null,"EMBASA/COMPOSIÇÃO","30.02.26",6,null,"Total",{"$f":"SUM(H6:H8)","v":181.54999999999998}]
["Encadernação até 100 fls.",null,"EMBASA/COMPOSIÇÃO","30.02.27",7.2]
["Impressão em A3",null,"SETOP/COMPOSIÇÃO","CO-2020 / CO-2018",{"$f":"(4.33+0.83)/2","v":2.58},"Foi considerado o valor médio entre a impressão colorida e preta/branco",null,"1 Rel A3"]
["Impressão em A1",null,"-","-",{"$f":"2*E11","v":5.16},"Foi considerado o dobro do valor da impressão A3","Impresão A3",{"$f":"B18*E11","v":645}]
["Impressão em A0",null,"-","-",{"$f":"2*E12","v":10.32},"Foi considerado o dobro do valor da impressão A1","Encader",{"$f":"E8","v":27.2}]
[{"$nulls":6},"Total",{"$f":"SUM(H12:H13)","v":672.2}]
["RELATÓRIO FINAL"]
["Qtd Rel Final (Volumes)","Qtd Pág por Volume","Qtd Impressão Preta","Qtd Impressão Color","Custo Unitário Parcial"]
[3,350,{"$f":"B17*0.9","v":315},{"$f":"B17*0.1","v":35},{"$f":"H9*A17","v":544.65},"Estimamos 90% do total de páginas de impressões pretas e 10% coloridas."]
["Peça Gráfica - Impressão em A3",250,null,null,{"$f":"ROUND(((B18*E11)+E8),2)","v":672.2}]
["Peça Gráfica - Impressão em A1",50,null,null,{"$f":"ROUND(((B19*E12)+E8),2)","v":285.2}]
["Custo Unitário Rel Final",null,null,null,{"$f":"SUM(E17:E19)","v":1502.05}]
[]
[]
["MINUTA DO RELATÓRIO FINAL"]
["Qtd Rel Final (Volumes)","Qtd Pág por Volume","Qtd Impressão Preta","Qtd Impressão Color","Custo Unitário Parcial"]
[3,350,{"$f":"B25*0.9","v":315},{"$f":"B25*0.1","v":35},{"$f":"H9*A25","v":544.65}]
["Peça Gráfica - Impressão em A4",350,null,null,{"$f":"(E7*B26)+H8","v":128.69999999999999}]
[]
["Custo Unitário Rel Final",null,null,null,{"$f":"SUM(E25:E26)","v":673.34999999999991}]
[]
[]
["Descrição","Qtd Pág por Volume","Qtd Impressão Preta","Qtd Impressão Color","Custo Unitário Total"]
["Relatório Mensal",50,{"$f":"B32*0.9","v":45},{"$f":"B32*0.1","v":5},{"$f":"H36","v":28.049999999999997},"Estimamos a quantidade de página por volume.",null,"1 Rel Mensal","1 Rel Parcial"]
["Relatório Parcial",100,{"$f":"B33*0.9","v":90},{"$f":"B33*0.1","v":10},{"$f":"I36","v":51.3},"Estimamos a quantidade de página por volume.",null,{"$f":"C32*E7","v":13.049999999999999},{"$f":"C33*E7","v":26.099999999999998}]
["Minuta do Relatório Final",null,null,null,{"$f":"E28","v":673.34999999999991},null,null,{"$f":"D32*E6","v":9},{"$f":"D33*E6","v":18}]
["Relatório Final",null,null,null,{"$f":"E20","v":1502.05},null,null,{"$f":"E9","v":6},{"$f":"E10","v":7.2}]
[{"$nulls":6},"Total",{"$f":"SUM(H33:H35)","v":28.049999999999997},{"$f":"SUM(I33:I35)","v":51.3}]
[]
["OBS:      A quantidade de páginas por volume foi estimada"]
["1 - Relatório Mensal: Será considerado 01 Volume com uma quantidade estimada de 50 páginas."]
["2 - Relatório Parcial: Será considerado 01 Volumes com uma quantidade estimada de 100 páginas."]
["3 - Minuta do Relatório Final:  Será considerado 03 Volumes com uma quantidade estimada de 350 páginas, cada, + 01 Volume de desenho em Folha A4, com estimativa de 350 páginas."]
["4 - Relatório Final:  Será considerado 03 Volumes com uma quantidade estimada de 350 páginas, cada, + 01 Volume de desenho em Folha A3, com estimativa de 350 páginas."]

{"sheet":"Cotação Voos","index":13,"n_rows":106,"n_cols":6,"rows_kept":106,"cut":false,"hidden":false,"merged":[]}
["COTAÇÕES - IDA DIA 03/02/2025 E VOLTA DIA 07/02/2025"]
["Localidade:","São João D'Aliança - GO"]
[]
["Origem","Destino"]
["BSB ","GO","Cia 1","Cia 2","Cia 3","Média"]
[null,null,808,809,855,{"$f":"AVERAGE(C6:E6)","v":824}]
{"$rows_empty":24}
["RJ","GO","Cia 1","Cia 2","Cia 3","Média"]
[null,null,825,842,885,{"$f":"AVERAGE(C32:E32)","v":850.66666666666663}]
{"$rows_empty":24}
["RS","GO","Cia 1","Cia 2","Cia 3","Média"]
[null,null,844,845,4114,{"$f":"AVERAGE(C58:E58)","v":1934.3333333333333}]
{"$rows_empty":23}
["PE","GO","Cia 1","Cia 2","Cia 3","Média"]
[null,null,1035,1035,1080,{"$f":"AVERAGE(C83:E83)","v":1050}]
{"$rows_empty":22}
["VALOR ADOTADO:",null,{"$f":"AVERAGE(F6:F83)","v":1164.75}]

{"sheet":"MOD_DNIT_JUL_2024","index":14,"n_rows":105,"n_cols":26,"rows_kept":105,"cut":false,"hidden":false,"merged":[[0,6,0,15],[0,0,2,0],[0,1,2,1],[0,2,2,2],[0,3,1,3],[0,4,1,5],[1,6,1,7],[1,8,1,9],[1,10,1,11],[1,12,1,13],[1,14,1,15],[1,20,1,21],[0,25,1,25],[0,16,0,21],[0,22,1,23],[0,24,1,24],[1,16,1,17],[1,18,1,19]]}
["Código","Categoria","Unid.","Salário","Encargos Sociais",null,"Encargos Complementares",{"$nulls":9},"Encargos Adicionais",{"$nulls":5},"Encargos Totais",null,"Valor Total","Encargos Adic + Compl"]
[{"$nulls":6},"Alimentação",null,"EPI",null,"Ferramenta",null,"Transporte",null,"Exame Ocupacional",null,"Cesta Básica",null,"Assistência Médica",null,"Seguro de Vida"]
[null,null,null,"R$","%","R$","%","R$","%","R$","%","R$","%","R$","%","R$","%","R$","%","R$","%","R$","%","R$","R$","R$"]
["Profissionais mensalistas"]
["P8001","Advogado júnior","mês",4616.38,0.79300000000000004,3660.79,0.15959999999999999,736.74,5.4999999999999997E-3,25.51,0,0,0,0,5.9999999999999995E-4,2.95,0,0,6.4000000000000001E-2,295.48,2.2000000000000001E-3,9.98,1.0248999999999999,4731.45,9347.83,{"$f":"Y5-F5-D5","v":1070.6599999999999}]
["P8002","Advogado pleno","mês",6155.17,0.79300000000000004,4881.05,0.1197,736.74,4.1000000000000003E-3,25.51,0,0,0,0,5.0000000000000001E-4,2.95,0,0,4.8000000000000001E-2,295.48,1.6000000000000001E-3,9.98,0.96689999999999998,5951.71,12106.89,{"$f":"Y6-F6-D6","v":1070.6699999999992}]
["P8003","Advogado sênior","mês",11441.04,0.79300000000000004,9072.75,6.4399999999999999E-2,736.74,2.2000000000000001E-3,25.51,0,0,0,0,2.9999999999999997E-4,2.95,0,0,2.58E-2,295.48,8.9999999999999998E-4,9.98,0.88660000000000005,10143.41,21584.45,1070.6599999999999]
["P8007","Analista de desenvolvimento de sistemas júnior","mês",4690.87,0.79630000000000001,3735.34,0.15709999999999999,736.74,0,0,0,0,0,0,8.0000000000000004E-4,3.74,0,0,6.3E-2,295.48,2.0999999999999999E-3,9.98,1.0193000000000001,4781.28,9472.16,1045.9499999999998]
["P8008","Analista de desenvolvimento de sistemas pleno","mês",5657.08,0.79630000000000001,4504.74,0.13020000000000001,736.74,0,0,0,0,0,0,6.9999999999999999E-4,3.74,0,0,5.2200000000000003E-2,295.48,1.8E-3,9.98,0.98119999999999996,5550.68,11207.76,1045.9400000000005]
["P8009","Analista de desenvolvimento de sistemas sênior","mês",9897.56,0.79630000000000001,7881.43,7.4399999999999994E-2,736.74,0,0,0,0,0,0,4.0000000000000002E-4,3.74,0,0,2.9899999999999999E-2,295.48,1E-3,9.98,0.90200000000000002,8927.3700000000008,18824.919999999998,1045.9299999999985]
["P8013","Arquiteto júnior","mês",12002,0.79320000000000002,9519.99,6.1400000000000003E-2,736.74,2.0999999999999999E-3,25.51,0,0,0,0,2.0000000000000001E-4,2.61,0,0,2.46E-2,295.48,8.0000000000000004E-4,9.98,0.88239999999999996,10590.31,22592.31,1070.3200000000015]
["P8014","Arquiteto pleno","mês",12521.12,0.79320000000000002,9931.75,5.8799999999999998E-2,736.74,2E-3,25.51,0,0,0,0,2.0000000000000001E-4,2.61,0,0,2.3599999999999999E-2,295.48,8.0000000000000004E-4,9.98,0.87870000000000004,11002.08,23523.200000000001,1070.33]
["P8015","Arquiteto sênior","mês",15280.37,0.79320000000000002,12120.39,4.82E-2,736.74,1.6999999999999999E-3,25.51,0,0,0,0,2.0000000000000001E-4,2.61,0,0,1.9300000000000001E-2,295.48,6.9999999999999999E-4,9.98,0.86319999999999997,13190.72,28471.09,1070.33]
["P8019","Assistente social júnior","mês",3264.91,0.80159999999999998,2617.15,0.22570000000000001,736.74,7.7999999999999996E-3,25.51,0,0,7.1000000000000004E-3,23.14,1.2999999999999999E-3,4.29,0,0,9.0499999999999997E-2,295.48,3.0999999999999999E-3,9.98,1.137,3712.3,6977.21,1095.1499999999996]
["P8020","Assistente social pleno","mês",4353.21,0.80159999999999998,3489.54,0.16919999999999999,736.74,5.8999999999999999E-3,25.51,0,0,0,0,1E-3,4.29,0,0,6.7900000000000002E-2,295.48,2.3E-3,9.98,1.0479000000000001,4561.55,8914.76,1072.0100000000002]
["P8021","Assistente social sênior","mês",7202.11,0.80159999999999998,5773.22,0.1023,736.74,3.5000000000000001E-3,25.51,0,0,0,0,5.9999999999999995E-4,4.29,0,0,4.1000000000000002E-2,295.48,1.4E-3,9.98,0.95040000000000002,6845.22,14047.34,1072.0099999999993]
["P8025","Auxiliar","mês",1583.76,0.81559999999999999,1291.72,0.4652,736.74,1.9599999999999999E-2,31.06,1E-3,1.59,7.8299999999999995E-2,124.01,3.8999999999999998E-3,6.15,0,0,0.18659999999999999,295.48,6.3E-3,9.98,1.5765,2496.73,4080.5,1205.0199999999998]
["P8026","Auxiliar administrativo","mês",1880.26,0.80169999999999997,1507.4,0.39179999999999998,736.74,0,0,0,0,5.6500000000000002E-2,106.22,2E-3,3.76,0,0,0.15709999999999999,295.48,5.3E-3,9.98,1.4145000000000001,2659.59,4539.8500000000004,1152.1900000000003]
["P8027","Auxiliar de laboratório","mês",1753.34,0.80359999999999998,1408.99,0.42020000000000002,736.74,1.77E-2,31.06,1.9E-3,3.28,6.4899999999999999E-2,113.83,2.3E-3,4.0199999999999996,0,0,0.16850000000000001,295.48,5.7000000000000002E-3,9.98,1.4847999999999999,2603.38,4356.7299999999996,1194.3999999999999]
["P8028","Auxiliar de topografia","mês",1583.76,0.80620000000000003,1276.83,0.4652,736.74,1.9599999999999999E-2,31.06,8.9999999999999998E-4,1.39,7.8299999999999995E-2,124.01,2.8E-3,4.3899999999999997,0,0,0.18659999999999999,295.48,6.3E-3,9.98,1.5658000000000001,2479.88,4063.64,1203.05]
["P8032","Biólogo júnior","mês",3224.68,0.79700000000000004,2570.0700000000002,0.22850000000000001,736.74,7.9000000000000008E-3,25.51,0,0,7.9000000000000008E-3,25.55,1.1000000000000001E-3,3.6,0,0,9.1600000000000001E-2,295.48,3.0999999999999999E-3,9.98,1.1371,3666.94,6891.62,1096.8699999999994]
["P8033","Biólogo pleno","mês",4299.57,0.79700000000000004,3426.76,0.1714,736.74,5.8999999999999999E-3,25.51,0,0,0,0,8.0000000000000004E-4,3.6,0,0,6.8699999999999997E-2,295.48,2.3E-3,9.98,1.0462,4498.08,8797.65,1071.3199999999997]
["P8034","Biólogo sênior","mês",7659.98,0.79700000000000004,6105.01,9.6199999999999994E-2,736.74,3.3E-3,25.51,0,0,0,0,5.0000000000000001E-4,3.6,0,0,3.8600000000000002E-2,295.48,1.2999999999999999E-3,9.98,0.93689999999999996,7176.33,14836.31,1071.3199999999997]
["P8038","Chefe de escritório","mês",3337.76,0.79390000000000005,2649.85,0.22070000000000001,736.74,0,0,0,0,5.5999999999999999E-3,18.77,8.0000000000000004E-4,2.81,0,0,8.8499999999999995E-2,295.48,3.0000000000000001E-3,9.98,1.1126,3713.63,7051.4,1063.7899999999991]
["P8040","Contador júnior","mês",4191.21,0.79359999999999997,3326.15,0.17580000000000001,736.74,0,0,0,0,0,0,5.9999999999999995E-4,2.69,0,0,7.0499999999999993E-2,295.48,2.3999999999999998E-3,9.98,1.0428999999999999,4371.04,8562.25,1044.8900000000003]
["P8041","Contador pleno","mês",5588.28,0.79359999999999997,4434.8599999999997,0.1318,736.74,0,0,0,0,0,0,5.0000000000000001E-4,2.69,0,0,5.2900000000000003E-2,295.48,1.8E-3,9.98,0.98060000000000003,5479.76,11068.04,1044.9000000000015]
["P8042","Contador sênior","mês",10788.12,0.79359999999999997,8561.4500000000007,6.83E-2,736.74,0,0,0,0,0,0,2.0000000000000001E-4,2.69,0,0,2.7400000000000001E-2,295.48,8.9999999999999998E-4,9.98,0.89049999999999996,9606.34,20394.46,1044.8899999999976]
["P8044","Coordenador ambiental","mês",18689.66,0.79679999999999995,14891.92,3.9399999999999998E-2,736.74,1.1999999999999999E-3,23.3,0,0,0,0,2.0000000000000001E-4,3.98,0,0,1.5800000000000002E-2,295.48,5.0000000000000001E-4,9.98,0.85399999999999998,15961.41,34651.08,1069.5000000000036]
["P8045","Economista júnior","mês",4750.1000000000004,0.78610000000000002,3734.05,0.15509999999999999,736.74,0,0,0,0,0,0,4.0000000000000002E-4,1.9,0,0,6.2199999999999998E-2,295.48,2.0999999999999999E-3,9.98,1.0059,4778.1499999999996,9528.25,1044.0999999999995]
["P8046","Economista pleno","mês",6333.46,0.78610000000000002,4978.74,0.1163,736.74,0,0,0,0,0,0,2.9999999999999997E-4,1.9,0,0,4.6699999999999998E-2,295.48,1.6000000000000001E-3,9.98,0.95099999999999996,6022.84,12356.3,1044.0999999999995]
["P8047","Economista sênior","mês",10433.39,0.78610000000000002,8201.69,7.0599999999999996E-2,736.74,0,0,0,0,0,0,2.0000000000000001E-4,1.9,0,0,2.8299999999999999E-2,295.48,1E-3,9.98,0.88619999999999999,9245.7900000000009,19679.189999999999,1044.1099999999988]
["P8054","Engenheiro agrônomo júnior","mês",12002,0.79079999999999995,9491.18,6.1400000000000003E-2,736.74,2.0999999999999999E-3,25.51,0,0,0,0,2.0000000000000001E-4,2.5,0,0,2.46E-2,295.48,8.0000000000000004E-4,9.98,0.88,10561.4,22563.4,1070.2200000000012]
["P8055","Engenheiro agrônomo pleno","mês",12380.97,0.79079999999999995,9790.8700000000008,5.9499999999999997E-2,736.74,2.0999999999999999E-3,25.51,0,0,0,0,2.0000000000000001E-4,2.5,0,0,2.3900000000000001E-2,295.48,8.0000000000000004E-4,9.98,0.87719999999999998,10861.09,23242.06,1070.2200000000012]
["P8056","Engenheiro agrônomo sênior","mês",13631.64,0.79079999999999995,10779.9,5.3999999999999999E-2,736.74,1.9E-3,25.51,0,0,0,0,2.0000000000000001E-4,2.5,0,0,2.1700000000000001E-2,295.48,6.9999999999999999E-4,9.98,0.86929999999999996,11850.12,25481.759999999998,1070.2199999999993]
["P8057","Engenheiro ambiental júnior","mês",12002,0.79820000000000002,9580,6.1400000000000003E-2,736.74,2.0999999999999999E-3,25.51,0,0,0,0,4.0000000000000002E-4,4.3499999999999996,0,0,2.46E-2,295.48,8.0000000000000004E-4,9.98,0.88749999999999996,10652.07,22654.07,1072.0699999999997]
["P8058","Engenheiro ambiental pleno","mês",12193.36,0.79820000000000002,9732.74,6.0400000000000002E-2,736.74,2.0999999999999999E-3,25.51,0,0,0,0,4.0000000000000002E-4,4.3499999999999996,0,0,2.4199999999999999E-2,295.48,8.0000000000000004E-4,9.98,0.8861,10804.81,22998.17,1072.0699999999979]
["P8059","Engenheiro ambiental sênior","mês",14759.24,0.79820000000000002,11780.83,4.99E-2,736.74,1.6999999999999999E-3,25.51,0,0,0,0,2.9999999999999997E-4,4.3499999999999996,0,0,0.02,295.48,6.9999999999999999E-4,9.98,0.87080000000000002,12852.9,27612.14,1072.0699999999997]
["P8060","Engenheiro consultor especial","mês",21827.91,0.79759999999999998,17409.939999999999,3.3799999999999997E-2,736.74,1.1000000000000001E-3,23.3,0,0,0,0,2.0000000000000001E-4,3.99,0,0,1.35E-2,295.48,5.0000000000000001E-4,9.98,0.84660000000000002,18479.439999999999,40307.360000000001,1069.510000000002]
["P8061","Engenheiro coordenador","mês",18189.93,0.79759999999999998,14508.29,4.0500000000000001E-2,736.74,1.2999999999999999E-3,23.3,0,0,0,0,2.0000000000000001E-4,3.99,0,0,1.6199999999999999E-2,295.48,5.0000000000000001E-4,9.98,0.85640000000000005,15577.78,33767.71,1069.489999999998]
["P8062","Engenheiro de pesca júnior","mês",12002,0.80130000000000001,9617.2000000000007,6.1400000000000003E-2,736.74,2.0999999999999999E-3,25.51,0,0,0,0,4.0000000000000002E-4,4.74,0,0,2.46E-2,295.48,8.0000000000000004E-4,9.98,0.89070000000000005,10689.66,22691.66,1072.4599999999991]
["P8063","Engenheiro de pesca pleno","mês",12714.67,0.80130000000000001,10188.27,5.79E-2,736.74,2E-3,25.51,0,0,0,0,4.0000000000000002E-4,4.74,0,0,2.3199999999999998E-2,295.48,8.0000000000000004E-4,9.98,0.88560000000000005,11260.73,23975.4,1072.4600000000009]
["P8064","Engenheiro de pesca sênior","mês",16261.81,0.80130000000000001,13030.59,4.53E-2,736.74,1.6000000000000001E-3,25.51,0,0,0,0,2.9999999999999997E-4,4.74,0,0,1.8200000000000001E-2,295.48,5.9999999999999995E-4,9.98,0.86729999999999996,14103.05,30364.86,1072.4600000000009]
["P8065","Engenheiro de projetos júnior","mês",12002,0.79759999999999998,9572.7999999999993,6.1400000000000003E-2,736.74,2.0999999999999999E-3,25.51,0,0,0,0,2.9999999999999997E-4,3.99,0,0,2.46E-2,295.48,8.0000000000000004E-4,9.98,0.88690000000000002,10644.5,22646.5,1071.7000000000007]
["P8066","Engenheiro de projetos pleno","mês",12629.6,0.79759999999999998,10073.370000000001,5.8299999999999998E-2,736.74,2E-3,25.51,0,0,0,0,2.9999999999999997E-4,3.99,0,0,2.3400000000000001E-2,295.48,8.0000000000000004E-4,9.98,0.88249999999999995,11145.08,23774.68,1071.7099999999991]
["P8067","Engenheiro de projetos sênior","mês",15877.29,0.79759999999999998,12663.73,4.6399999999999997E-2,736.74,1.6000000000000001E-3,25.51,0,0,0,0,2.9999999999999997E-4,3.99,0,0,1.8599999999999998E-2,295.48,5.9999999999999995E-4,9.98,0.86509999999999998,13735.44,29612.73,1071.7099999999991]
["P8068","Engenheiro florestal júnior","mês",12002,0.80130000000000001,9617.2000000000007,6.1400000000000003E-2,736.74,2.0999999999999999E-3,25.51,0,0,0,0,4.0000000000000002E-4,4.74,0,0,2.46E-2,295.48,8.0000000000000004E-4,9.98,0.89070000000000005,10689.66,22691.66,1072.4599999999991]
["P8069","Engenheiro florestal pleno","mês",12714.67,0.80130000000000001,10188.27,5.79E-2,736.74,2E-3,25.51,0,0,0,0,4.0000000000000002E-4,4.74,0,0,2.3199999999999998E-2,295.48,8.0000000000000004E-4,9.98,0.88560000000000005,11260.73,23975.4,1072.4600000000009]
["P8070","Engenheiro florestal sênior","mês",16261.81,0.80130000000000001,13030.59,4.53E-2,736.74,1.6000000000000001E-3,25.51,0,0,0,0,2.9999999999999997E-4,4.74,0,0,1.8200000000000001E-2,295.48,5.9999999999999995E-4,9.98,0.86729999999999996,14103.05,30364.86,1072.4600000000009]
["P8080","Geólogo júnior","mês",10004.5,0.80079999999999996,8011.6,6.7699999999999996E-2,677.01,2.5999999999999999E-3,25.51,0,0,0,0,2.9999999999999997E-4,3.42,0,0,2.9499999999999998E-2,295.48,1E-3,9.98,0.90190000000000003,9023.01,19027.509999999998,1011.409999999998]
["P8081","Geólogo pleno","mês",11911.59,0.80079999999999996,9538.7999999999993,5.6800000000000003E-2,677.01,2.0999999999999999E-3,25.51,0,0,0,0,2.9999999999999997E-4,3.42,0,0,2.4799999999999999E-2,295.48,8.0000000000000004E-4,9.98,0.88570000000000004,10550.2,22461.79,1011.4000000000015]
["P8082","Geólogo sênior","mês",13818.68,0.80079999999999996,11066,4.9000000000000002E-2,677.01,1.8E-3,25.51,0,0,0,0,2.0000000000000001E-4,3.42,0,0,2.1399999999999999E-2,295.48,6.9999999999999999E-4,9.98,0.874,12077.4,25896.07,1011.3899999999994]
["P8092","Jornalista júnior","mês",3073.16,0.79549999999999998,2444.6999999999998,0.2397,736.74,8.3000000000000001E-3,25.51,0,0,1.1299999999999999E-2,34.64,8.9999999999999998E-4,2.68,0,0,9.6100000000000005E-2,295.48,3.2000000000000002E-3,9.98,1.1551,3549.74,6622.9,1105.04]
["P8093","Jornalista pleno","mês",4097.55,0.79549999999999998,3259.6,0.17979999999999999,736.74,6.1999999999999998E-3,25.51,0,0,0,0,6.9999999999999999E-4,2.68,0,0,7.2099999999999997E-2,295.48,2.3999999999999998E-3,9.98,1.0567,4330,8427.5499999999993,1070.3999999999987]
["P8094","Jornalista sênior","mês",7891.46,0.79549999999999998,6277.65,9.3399999999999997E-2,736.74,3.2000000000000002E-3,25.51,0,0,0,0,2.9999999999999997E-4,2.68,0,0,3.7400000000000003E-2,295.48,1.2999999999999999E-3,9.98,0.93110000000000004,7348.05,15239.51,1070.4000000000005]
["P8098","Laboratorista","mês",2337.79,0.80359999999999998,1878.65,0.31509999999999999,736.74,1.2200000000000001E-2,28.6,0,0,3.3700000000000001E-2,78.760000000000005,1.6999999999999999E-3,4.0199999999999996,0,0,0.12640000000000001,295.48,4.3E-3,9.98,1.2970999999999999,3032.24,5370.03,1153.5899999999997]
["P8102","Médico veterinário","mês",12002,0.79079999999999995,9491.18,6.1400000000000003E-2,736.74,2.0999999999999999E-3,25.51,0,0,0,0,2.0000000000000001E-4,2.2599999999999998,0,0,2.46E-2,295.48,8.0000000000000004E-4,9.98,0.88,10561.16,22563.16,1069.9799999999996]
["P8106","Meteorologista júnior","mês",5253.81,0.79330000000000001,4167.84,0.14019999999999999,736.74,4.8999999999999998E-3,25.51,0,0,0,0,5.0000000000000001E-4,2.63,0,0,5.62E-2,295.48,1.9E-3,9.98,0.997,5238.1899999999996,10491.99,1070.3399999999992]
["P8107","Meteorologista pleno","mês",7005.07,0.79330000000000001,5557.12,0.1052,736.74,3.5999999999999999E-3,25.51,0,0,0,0,4.0000000000000002E-4,2.63,0,0,4.2200000000000001E-2,295.48,1.4E-3,9.98,0.94610000000000005,6627.47,13632.54,1070.3500000000013]
["P8108","Meteorologista sênior","mês",11774.37,0.79330000000000001,9340.61,6.2600000000000003E-2,736.74,2.2000000000000001E-3,25.51,0,0,0,0,2.0000000000000001E-4,2.63,0,0,2.5100000000000001E-2,295.48,8.0000000000000004E-4,9.98,0.88419999999999999,10410.950000000001,22185.32,1070.3399999999983]
["P8112","Motorista de caminhão","mês",2332.4,0.80569999999999997,1879.21,0.3014,702.89,1.3299999999999999E-2,31.06,0,0,3.39E-2,79.09,1.8E-3,4.24,0,0,0.12670000000000001,295.48,4.3E-3,9.98,1.2870999999999999,3001.96,5334.36,1122.7499999999995]
["P8113","Motorista de veículo leve","mês",2065.77,0.80130000000000001,1655.3,0.34029999999999999,702.89,1.4999999999999999E-2,31.06,0,0,4.5999999999999999E-2,95.09,1.9E-3,3.85,0,0,0.14299999999999999,295.48,4.7999999999999996E-3,9.98,1.3524,2793.65,4859.42,1138.3499999999999]
["P8117","Oceanógrafo júnior","mês",4510.24,0.80300000000000005,3621.72,0.1633,736.74,5.7000000000000002E-3,25.51,0,0,0,0,8.0000000000000004E-4,3.57,0,0,6.5500000000000003E-2,295.48,2.2000000000000001E-3,9.98,1.0405,4693.01,9203.25,1071.2900000000009]
["P8118","Oceanógrafo pleno","mês",6013.65,0.80300000000000005,4828.96,0.1225,736.74,4.1999999999999997E-3,25.51,0,0,0,0,5.9999999999999995E-4,3.57,0,0,4.9099999999999998E-2,295.48,1.6999999999999999E-3,9.98,0.98109999999999997,5900.25,11913.9,1071.29]
["P8119","Oceanógrafo sênior","mês",10872.11,0.80300000000000005,8730.2999999999993,6.7799999999999999E-2,736.74,2.3E-3,25.51,0,0,0,0,2.9999999999999997E-4,3.57,0,0,2.7199999999999998E-2,295.48,8.9999999999999998E-4,9.98,0.90149999999999997,9801.59,20673.689999999999,1071.2799999999988]
["P8129","Pedagogo júnior","mês",2507.29,0.92379999999999995,2316.2399999999998,0.29380000000000001,736.74,1.0200000000000001E-2,25.51,0,0,2.7400000000000001E-2,68.59,1.04E-2,26,0,0,0.1178,295.48,4.0000000000000001E-3,9.98,1.3874,3478.55,5985.84,1162.3100000000004]
["P8130","Pedagogo pleno","mês",3343.06,0.92379999999999995,3088.31,0.22040000000000001,736.74,7.6E-3,25.51,0,0,5.4999999999999997E-3,18.45,7.7999999999999996E-3,26,0,0,8.8400000000000006E-2,295.48,3.0000000000000001E-3,9.98,1.2565,4200.4799999999996,7543.53,1112.1599999999994]
["P8131","Pedagogo sênior","mês",4715.72,0.92379999999999995,4356.38,0.15620000000000001,736.74,5.4000000000000003E-3,25.51,0,0,0,0,5.4999999999999997E-3,26,0,0,6.2700000000000006E-2,295.48,2.0999999999999999E-3,9.98,1.1556999999999999,5450.1,10165.82,1093.7199999999993]
["P8135","Secretária","mês",2697.38,0.7984,2153.59,0.27310000000000001,736.74,0,0,0,0,2.12E-2,57.19,1.4E-3,3.87,0,0,0.1095,295.48,3.7000000000000002E-3,9.98,1.2074,3256.85,5954.23,1103.2599999999993]
["P8139","Sondador","mês",2017.39,0.8004,1614.72,0.36520000000000002,736.74,1.4200000000000001E-2,28.6,0,0,4.8599999999999997E-2,97.99,2.2000000000000001E-3,4.51,0,0,0.14649999999999999,295.48,4.8999999999999998E-3,9.98,1.3819999999999999,2788.02,4805.42,1173.3099999999997]
["P8143","Técnico ambiental","mês",2911.08,0.80640000000000001,2347.4899999999998,0.25309999999999999,736.74,9.7999999999999997E-3,28.6,0,0,1.52E-2,44.37,1.4E-3,4.05,0,0,0.10150000000000001,295.48,3.3999999999999998E-3,9.98,1.1909000000000001,3466.71,6377.79,{"$f":"Y70-F70-D70","v":1119.2200000000003}]
["P8147","Técnico de obras","mês",3184.9,0.80210000000000004,2554.61,0.23130000000000001,736.74,8.9999999999999993E-3,28.6,0,0,8.8000000000000005E-3,27.94,1.1999999999999999E-3,3.8,0,0,9.2799999999999994E-2,295.48,3.0999999999999999E-3,9.98,1.1483000000000001,3657.15,6842.04,1102.5300000000002]
["P8151","Técnico de segurança do trabalho","mês",4601.83,0.80920000000000003,3723.8,0.16009999999999999,736.74,6.1999999999999998E-3,28.6,0,0,0,0,1E-3,4.67,0,0,6.4199999999999993E-2,295.48,2.2000000000000001E-3,9.98,1.0428999999999999,4799.28,9401.11,1075.4800000000005]
["P8155","Técnico em geoprocessamento","mês",2879.59,0.79610000000000003,2292.44,0.25580000000000003,736.74,9.9000000000000008E-3,28.6,0,0,1.61E-2,46.26,1.1999999999999999E-3,3.53,0,0,0.1026,295.48,3.5000000000000001E-3,9.98,1.1853,3413.04,6292.64,1120.6100000000001]
["P8159","Técnico em informática - programador","mês",4690.87,0.80079999999999996,3756.45,0.15709999999999999,736.74,0,0,0,0,0,0,6.9999999999999999E-4,3.45,0,0,6.3E-2,295.48,2.0999999999999999E-3,9.98,1.0237000000000001,4802.1000000000004,9492.98,1045.6599999999999]
["P8163","Topógrafo","mês",2428.5700000000002,0.80620000000000003,1957.92,0.3034,736.74,1.18E-2,28.6,0,0,3.0200000000000001E-2,73.319999999999993,1.8E-3,4.3899999999999997,0,0,0.1217,295.48,4.1000000000000003E-3,9.98,1.2790999999999999,3106.43,5535,1148.5099999999998]
["P8167","Arquivista júnior","mês",2411.9299999999998,0.79959999999999998,1928.58,0.30549999999999999,736.74,0,0,0,0,3.0800000000000001E-2,74.319999999999993,1.2999999999999999E-3,3.15,0,0,0.1225,295.48,4.1000000000000003E-3,9.98,1.2638,3048.25,5460.17,1119.6600000000003]
["P8168","Arquivista pleno","mês",3215.9,0.79959999999999998,2571.4299999999998,0.2291,736.74,0,0,0,0,8.0999999999999996E-3,26.08,1E-3,3.15,0,0,9.1899999999999996E-2,295.48,3.0999999999999999E-3,9.98,1.1328,3642.87,6858.77,1071.44]
["P8169","Arquivista sênior","mês",5113.29,0.79959999999999998,4088.59,0.14410000000000001,736.74,0,0,0,0,0,0,5.9999999999999995E-4,3.15,0,0,5.7799999999999997E-2,295.48,2E-3,9.98,1.004,5133.95,10247.24,1045.3599999999997]
["P8173","Administrador júnior","mês",3341.1,0.7974,2664.19,0.2205,736.74,0,0,0,0,5.5999999999999999E-3,18.57,1.1000000000000001E-3,3.58,0,0,8.8400000000000006E-2,295.48,3.0000000000000001E-3,9.98,1.1160000000000001,3728.54,7069.64,1064.3500000000008]
["P8174","Administrador pleno","mês",4454.8,0.7974,3552.26,0.16539999999999999,736.74,0,0,0,0,0,0,8.0000000000000004E-4,3.58,0,0,6.6299999999999998E-2,295.48,2.2000000000000001E-3,9.98,1.0322,4598.04,9052.84,1045.7799999999997]
["P8175","Administrador sênior","mês",7993.16,0.7974,6373.75,9.2200000000000004E-2,736.74,0,0,0,0,0,0,4.0000000000000002E-4,3.58,0,0,3.6999999999999998E-2,295.48,1.1999999999999999E-3,9.98,0.92820000000000003,7419.53,15412.69,1045.7800000000007]
["P8180","Engenheiro agrimensor júnior","mês",12002,0.7984,9582.4,6.1400000000000003E-2,736.74,2.0999999999999999E-3,25.51,0,0,0,0,4.0000000000000002E-4,4.3899999999999997,0,0,2.46E-2,295.48,8.0000000000000004E-4,9.98,0.88770000000000004,10654.5,22656.5,1072.1000000000004]
["P8181","Engenheiro agrimensor pleno","mês",12338.1,0.7984,9850.74,5.9700000000000003E-2,736.74,2.0999999999999999E-3,25.51,0,0,0,0,4.0000000000000002E-4,4.3899999999999997,0,0,2.3900000000000001E-2,295.48,8.0000000000000004E-4,9.98,0.88529999999999998,10922.84,23260.94,1072.0999999999985]
["P8182","Engenheiro agrimensor sênior","mês",14173.3,0.7984,11315.96,5.1999999999999998E-2,736.74,1.8E-3,25.51,0,0,0,0,2.9999999999999997E-4,4.3899999999999997,0,0,2.0799999999999999E-2,295.48,6.9999999999999999E-4,9.98,0.874,12388.07,26561.37,1072.1100000000006]
["P8183","Geógrafo júnior","mês",3904.44,0.79620000000000002,3108.72,0.18870000000000001,736.74,6.4999999999999997E-3,25.51,0,0,0,0,8.0000000000000004E-4,3.29,0,0,7.5700000000000003E-2,295.48,2.5999999999999999E-3,9.98,1.0705,4179.72,8084.16,1071.0000000000005]
["P8184","Geógrafo pleno","mês",5205.92,0.79620000000000002,4144.96,0.14149999999999999,736.74,4.8999999999999998E-3,25.51,0,0,0,0,5.9999999999999995E-4,3.29,0,0,5.6800000000000003E-2,295.48,1.9E-3,9.98,1.0019,5215.96,10421.879999999999,1070.9999999999991]
["P8185","Geógrafo sênior","mês",10039.58,0.79620000000000002,7993.51,7.3400000000000007E-2,736.74,2.5000000000000001E-3,25.51,0,0,0,0,2.9999999999999997E-4,3.29,0,0,2.9399999999999999E-2,295.48,1E-3,9.98,0.90290000000000004,9064.52,19104.099999999999,1071.0099999999984]
["P8186","Antropólogo júnior","mês",3075.8,0.82050000000000001,2523.6999999999998,0.23949999999999999,736.74,8.3000000000000001E-3,25.51,0,0,1.12E-2,34.479999999999997,2E-3,6.14,0,0,9.6100000000000005E-2,295.48,3.2000000000000002E-3,9.98,1.1808000000000001,3632.03,6707.84,1108.3400000000001]
["P8187","Antropólogo pleno","mês",4101.07,0.82050000000000001,3364.93,0.17960000000000001,736.74,6.1999999999999998E-3,25.51,0,0,0,0,1.5E-3,6.14,0,0,7.1999999999999995E-2,295.48,2.3999999999999998E-3,9.98,1.0823,4438.78,8539.85,1073.8500000000004]
["P8188","Antropólogo sênior","mês",6246.53,0.82050000000000001,5125.28,0.1179,736.74,4.1000000000000003E-3,25.51,0,0,0,0,1E-3,6.14,0,0,4.7300000000000002E-2,295.48,1.6000000000000001E-3,9.98,0.99239999999999995,6199.13,12445.66,1073.8500000000004]
["P8189","Arqueólogo júnior","mês",2815.27,0.80889999999999995,2277.27,0.26169999999999999,736.74,9.1000000000000004E-3,25.51,0,0,1.78E-2,50.12,1.9E-3,5.28,0,0,0.105,295.48,3.5000000000000001E-3,9.98,1.2078,3400.38,6215.65,1123.1099999999997]
["P8190","Arqueólogo pleno","mês",3753.69,0.80889999999999995,3036.36,0.1963,736.74,6.7999999999999996E-3,25.51,0,0,0,0,1.4E-3,5.28,0,0,7.8700000000000006E-2,295.48,2.7000000000000001E-3,9.98,1.0948,4109.3599999999997,7863.04,1072.9900000000002]
["P8191","Arqueólogo sênior","mês",5706.15,0.80889999999999995,4615.71,0.12909999999999999,736.74,4.4999999999999997E-3,25.51,0,0,0,0,8.9999999999999998E-4,5.28,0,0,5.1799999999999999E-2,295.48,1.6999999999999999E-3,9.98,0.99690000000000001,5688.71,11394.86,1073.0000000000009]
["P8192","Historiador júnior","mês",3885.3,0.8367,3250.83,0.18959999999999999,736.74,6.6E-3,25.51,0,0,0,0,1.8E-3,6.99,0,0,7.6100000000000001E-2,295.48,2.5999999999999999E-3,9.98,1.1133,4325.53,8210.84,1074.71]
["P8193","Historiador pleno","mês",5180.3999999999996,0.8367,4334.4399999999996,0.14219999999999999,736.74,4.8999999999999998E-3,25.51,0,0,0,0,1.2999999999999999E-3,6.99,0,0,5.7000000000000002E-2,295.48,1.9E-3,9.98,1.0442,5409.15,10589.55,1074.71]
["P8194","Historiador sênior","mês",8013.69,0.8367,6705.05,9.1899999999999996E-2,736.74,3.2000000000000002E-3,25.51,0,0,0,0,8.9999999999999998E-4,6.99,0,0,3.6900000000000002E-2,295.48,1.1999999999999999E-3,9.98,0.9708,7779.76,15793.45,1074.7100000000019]
["P8195","Paleontólogo júnior","mês",3075.8,0.82050000000000001,2523.6999999999998,0.23949999999999999,736.74,8.3000000000000001E-3,25.51,0,0,1.12E-2,34.479999999999997,2E-3,6.14,0,0,9.6100000000000005E-2,295.48,3.2000000000000002E-3,9.98,1.1808000000000001,3632.03,6707.84,1108.3400000000001]
["P8196","Paleontólogo pleno","mês",4101.07,0.82050000000000001,3364.93,0.17960000000000001,736.74,6.1999999999999998E-3,25.51,0,0,0,0,1.5E-3,6.14,0,0,7.1999999999999995E-2,295.48,2.3999999999999998E-3,9.98,1.0823,4438.78,8539.85,1073.8500000000004]
["P8197","Paleontólogo sênior","mês",6246.53,0.82050000000000001,5125.28,0.1179,736.74,4.1000000000000003E-3,25.51,0,0,0,0,1E-3,6.14,0,0,4.7300000000000002E-2,295.48,1.6000000000000001E-3,9.98,0.99239999999999995,6199.13,12445.66,1073.8500000000004]
["P8198","Sociólogo júnior","mês",4027.98,0.83889999999999998,3379.07,0.18290000000000001,736.74,6.3E-3,25.51,0,0,0,0,1.8E-3,7.17,0,0,7.3400000000000007E-2,295.48,2.5000000000000001E-3,9.98,1.1057999999999999,4453.96,8481.94,1074.8900000000008]
["P8199","Sociólogo pleno","mês",5370.64,0.83889999999999998,4505.43,0.13719999999999999,736.74,4.7999999999999996E-3,25.51,0,0,0,0,1.2999999999999999E-3,7.17,0,0,5.5E-2,295.48,1.9E-3,9.98,1.0389999999999999,5580.31,10950.95,1074.8800000000001]
["P8200","Sociólogo sênior","mês",8040.47,0.83889999999999998,6745.15,9.1600000000000001E-2,736.74,3.2000000000000002E-3,25.51,0,0,0,0,8.9999999999999998E-4,7.17,0,0,3.6700000000000003E-2,295.48,1.1999999999999999E-3,9.98,0.97260000000000002,7820.04,15860.51,1074.8900000000003]
["Profissionais horistas",{"$nulls":24},0]
["P8264","Motorista de veículo leve - horista","h",9.39,1.1315999999999999,10.63,0.41020000000000001,3.85,1.8100000000000002E-2,0.17,0,0,5.5500000000000001E-2,0.52,2.2000000000000001E-3,0.02,0,0,0.1724,1.62,5.7999999999999996E-3,0.05,1.7959000000000001,16.86,26.25,6.2299999999999986]
["Fonte: FGV IBRE"]

{"sheet":"COT. VANT","index":15,"n_rows":17,"n_cols":10,"rows_kept":17,"cut":false,"hidden":true,"merged":[[1,0,1,9],[7,0,9,0],[7,1,7,5],[8,1,8,5],[9,1,9,5]]}
[]
["COTAÇÃO ORÇAMENTÁRIA DE LEVANTAMENTO PLANIALTIMÉTRICO POR MEIO DE VANT PARA ÁREA NA CIDADE DE PINDARÉ-MIRIM-MA"]
["MÊS/ANO DE REFERÊNCIA ","ÁREA DO PROJETO [ha]","EMPRESA","LOCALIDADE","WEBSITE","CONTATO","AVALIAÇÃO TÉCNICA DA PROPOSTA","PREÇO","PREÇO UNITÁRIO","RELAÇÃO CUSTO-BENEFÍCIO"]
["2022-09-01",50,"DRONES SOLUTION","SALVADOR-BA","http://www.dronessolution.com.br/","contato@dronessolution.com.br","SATISFATÓRIA",9800,{"$f":"(H4/B4)","v":196},"A"]
["2022-09-01",50,"ERG","BELO HORIZONTE-MG","http://www.ergbh.com.br/","comercial@ergbh.com.br","SATISFATÓRIA",13240.5,{"$f":"(H5/B5)","v":264.81},"B"]
["2022-09-01",50,"CEPEMAR","VITÓRIA-ES","http://www.cepemar.com.br/","comercial@cepemar.com.br","SATISFATÓRIA",63000,{"$f":"(H6/B6)","v":1260},"C"]
[]
["Observações","  1. Na cotação acima já estão iclusos: Planejamento Aerotogramétrico, Voo Aerotoforamétrico, Apoio de Campo, Aerotriangulação, Restituição, MDT, MDS, Ortofotos, Edição/Revisão e Entrega Final.",{"$nulls":4},"CV com todos valores:",{"$f":"STDEVA(H4:H6)/AVERAGE(H4:H6)","v":1.0380549324194583}]
[null,"  2. INCONCLUSIVA: não apresentou o orçamento de forma detalhada.",{"$nulls":4},"CV tirando o maior valor:",{"$f":"STDEVA(H4:H5)/AVERAGE(H4:H5)","v":0.21117604918923782}]
[null,"  3. SATISFATÓRIA: apresentou, no mínimo, os requisitos básicos de um orçamento.",{"$nulls":4},"Média tirando o maior valor:",{"$f":"AVERAGE(H4:H5)","v":11520.25},"Valor para a área de 65ha"]
[null,"4-Para o valor do serviço de Vant, considerou-se a média tirando o maior valor das cotações recebidas, pois o CV (coeficiente de variação) está muito elevado com as 3 cotaçoes."]
[null,"5-As cotações recebidas foram utilizadas para o serviço de levantamento do Ramal do Manga no Amapá, referente a um trecho de 6,5km de rodovia, com área total estimadade de 65ha."]
[null,"Dessa forma, para a cotação representativa deste serviço, realizou-se a parametrização proporcional a área de estudo do serviço a ser realizado."]
[]
[null,"Portanto:"]
[null,null,{"$f":"I10","v":"Valor para a área de 65ha"},{"$f":"H10","v":11520.25}]
[null,null,"Valor unitário para a área de 1ha",{"$f":"D16/65","v":177.23461538461538}]